{"text_format":"1","workbook":"xlsx","n_sheets":6,"sheets":["Расходная","Счет","Копировать сюда","Сумма прописью","Лист2","список"],"not_rendered":{"charts":0,"images":0,"macros":1,"external_links":1,"defined_names":13,"comments":0,"pivot_tables":0},"unopened":[],"bounds":{"document_bytes":16777216,"sheet_cells":100000,"rows_first":2000,"rows_last":500,"rows_between":2000,"halvings":0,"cell_chars":16384,"cell_head_chars":4096},"cells_cut":0,"cells_raw":0,"read":"whole","date_system":"1900"}

{"sheet":"Расходная","index":0,"n_rows":67,"n_cols":10,"rows_kept":67,"cut":false,"hidden":false,"merged":[[44,6,44,7],[45,6,45,7],[46,6,46,7],[47,6,47,7],[48,6,48,7],[49,6,49,7],[38,6,38,7],[39,6,39,7],[40,6,40,7],[41,6,41,7],[42,6,42,7],[43,6,43,7],[56,6,56,7],[57,6,57,7],[58,6,58,7],[59,6,59,7],[60,6,60,7],[50,6,50,7],[51,6,51,7],[52,6,52,7],[53,6,53,7],[54,6,54,7],[55,6,55,7],[32,6,32,7],[33,6,33,7],[34,6,34,7],[35,6,35,7],[36,6,36,7],[37,6,37,7],[26,6,26,7],[27,6,27,7],[28,6,28,7],[29,6,29,7],[30,6,30,7],[31,6,31,7],[22,6,22,7],[23,6,23,7],[24,6,24,7],[25,6,25,7],[14,6,14,7],[15,6,15,7],[16,6,16,7],[17,6,17,7],[18,6,18,7],[19,6,19,7],[59,2,59,4],[60,2,60,4],[1,3,1,9],[3,3,3,9],[10,6,10,7],[11,6,11,7],[12,6,12,7],[13,6,13,7],[53,2,53,4],[54,2,54,4],[55,2,55,4],[56,2,56,4],[57,2,57,4],[58,2,58,4],[47,2,47,4],[48,2,48,4],[49,2,49,4],[50,2,50,4],[51,2,51,4],[52,2,52,4],[41,2,41,4],[42,2,42,4],[20,6,20,7],[21,6,21,7],[43,2,43,4],[44,2,44,4],[45,2,45,4],[46,2,46,4],[35,2,35,4],[36,2,36,4],[37,2,37,4],[38,2,38,4],[39,2,39,4],[40,2,40,4],[30,2,30,4],[31,2,31,4],[32,2,32,4],[33,2,33,4],[34,2,34,4],[23,2,23,4],[24,2,24,4],[25,2,25,4],[26,2,26,4],[27,2,27,4],[28,2,28,4],[70,8,70,9],[11,2,11,4],[12,2,12,4],[13,2,13,4],[14,2,14,4],[15,2,15,4],[16,2,16,4],[1,1,1,2],[3,1,3,2],[10,2,10,4],[4,3,4,9],[5,3,5,9],[6,3,6,9],[8,1,8,9],[17,2,17,4],[18,2,18,4],[19,2,19,4],[20,2,20,4],[21,2,21,4],[22,2,22,4],[63,1,63,9],[66,1,66,2],[66,8,66,9],[29,2,29,4]]}
[]
[null,"Поставщик ",null,"ФЛП КИСИЛЬ РОМАН АЛЕКСЕЕВИЧ    \nАдрес: ДНР 86422, город Енакиево, улица Мостовая, дом 10\nСвидетельство: АА03 №019731\nИНН: 2505700271 \nР/C 26008631040100  в ЦРБ ДНР, МФО 400019\n"]
[]
[null,"Покупатель",null,{"$f":"Лист2!B1","v":"ООО  \"АИС АВТОДОМ ДОНЕЦК\"                                                                                                                                                                                                                                                                                                   Адрес: ДНР 83059, г. Донецк, Калининский район, ул.Разенкова, д.14а/2                         Свидетельство: АА02 №43194                                                                                                                                                        ИНН: 35457304"}]
[null,null,null,{"$f":"Лист2!B6","v":"Адрес: ДНР 83059, г. Донецк, Калининский район, ул.Разенкова, д.14а/2"}]
[null,null,null,{"$f":"Лист2!B11","v":"Свидетельство: АА02 №43194"}]
[null,null,null,{"$f":"Лист2!B16","v":"ИНН: 35457304"}]
[]
[null,{"$f":"\"Расходная накладная № \"&'Копировать сюда'!H4&\" от \"&Лист2!B25","v":"Расходная накладная № 015656 от 15 Июня 2017 г."}]
[]
[null,"№","Наименование",null,null,"Ед.\nизм.","Кол-\nво",null,"Цена ","Сумма "]
[null,1,{"$f":"'Копировать сюда'!A1","v":"Р/к колодок зад LANOS ЛЕВЫЙ "},null,null,{"$f":"'Копировать сюда'!C1","v":"шт."},{"$f":"'Копировать сюда'!D1","v":"1"},null,{"$f":"'Копировать сюда'!E1","v":129.09},{"$f":"'Копировать сюда'!F1","v":129.09}]
[null,2,{"$f":"'Копировать сюда'!A2","v":"Р/к колодок зад LANOS ПРАВЫЙ "},null,null,{"$f":"'Копировать сюда'!C2","v":"шт."},{"$f":"'Копировать сюда'!D2","v":"1"},null,{"$f":"'Копировать сюда'!E2","v":129.09},{"$f":"'Копировать сюда'!F2","v":129.09}]
[null,3,{"$f":"'Копировать сюда'!A3","v":"Сайлентблок рычага Lanos (зад) ОРИГИНАЛ"},null,null,{"$f":"'Копировать сюда'!C3","v":"шт."},{"$f":"'Копировать сюда'!D3","v":"2"},null,{"$f":"'Копировать сюда'!E3","v":161.37},{"$f":"'Копировать сюда'!F3","v":322.73}]
[null,4,{"$f":"'Копировать сюда'!A4","v":"Сайлентблок рычага переднего Lacetti (задний) ОРИГИНАЛ"},null,null,{"$f":"'Копировать сюда'!C4","v":"шт."},{"$f":"'Копировать сюда'!D4","v":"2"},null,{"$f":"'Копировать сюда'!E4","v":196.87},{"$f":"'Копировать сюда'!F4","v":393.74}]
[null,5,{"$f":"'Копировать сюда'!A5","v":"Шаровая опора LACETTI  (1шт) ОРИГИНАЛ"},null,null,{"$f":"'Копировать сюда'!C5","v":"шт."},{"$f":"'Копировать сюда'!D5","v":"2"},null,{"$f":"'Копировать сюда'!E5","v":412.14},{"$f":"'Копировать сюда'!F5","v":824.29}]
[null,6,{"$f":"'Копировать сюда'!A6","v":"Колодка тормозная задняя Lanos, Nexia "},null,null,{"$f":"'Копировать сюда'!C6","v":"к-кт"},{"$f":"'Копировать сюда'!D6","v":"1"},null,{"$f":"'Копировать сюда'!E6","v":742.29},{"$f":"'Копировать сюда'!F6","v":742.29}]
[null,7,{"$f":"'Копировать сюда'!A7","v":"Шестерня к/в Lanos (со шпонкой) "},null,null,{"$f":"'Копировать сюда'!C7","v":"шт."},{"$f":"'Копировать сюда'!D7","v":"1"},null,{"$f":"'Копировать сюда'!E7","v":183.96},{"$f":"'Копировать сюда'!F7","v":183.96}]
[null,8,{"$f":"'Копировать сюда'!A8","v":"Лейка метал. 2101 (носик толстый прямой) "},null,null,{"$f":"'Копировать сюда'!C8","v":"шт."},{"$f":"'Копировать сюда'!D8","v":"1"},null,{"$f":"'Копировать сюда'!E8","v":111.22},{"$f":"'Копировать сюда'!F8","v":111.22}]
[null,9,{"$f":"'Копировать сюда'!A9","v":"Лейка метал. 2108 (носик узкий кривой) "},null,null,{"$f":"'Копировать сюда'!C9","v":"шт."},{"$f":"'Копировать сюда'!D9","v":"1"},null,{"$f":"'Копировать сюда'!E9","v":111.22},{"$f":"'Копировать сюда'!F9","v":111.22}]
[null,10,{"$f":"'Копировать сюда'!A10","v":"Болт петли замка двери Lanos,Aveo,Lacetti "},null,null,{"$f":"'Копировать сюда'!C10","v":"шт."},{"$f":"'Копировать сюда'!D10","v":"8"},null,{"$f":"'Копировать сюда'!E10","v":10.65},{"$f":"'Копировать сюда'!F10","v":85.2}]
[null,11,{"$f":"'Копировать сюда'!A11","v":"Подвеска глушителя Lanos тонкая "},null,null,{"$f":"'Копировать сюда'!C11","v":"шт."},{"$f":"'Копировать сюда'!D11","v":"2"},null,{"$f":"'Копировать сюда'!E11","v":49.38},{"$f":"'Копировать сюда'!F11","v":98.76}]
[null,12,{"$f":"'Копировать сюда'!A12","v":"Амортизатор Lanos задний (AH 05501) "},null,null,{"$f":"'Копировать сюда'!C12","v":"шт."},{"$f":"'Копировать сюда'!D12","v":"2"},null,{"$f":"'Копировать сюда'!E12","v":825.55},{"$f":"'Копировать сюда'!F12","v":1651.1}]
[null,13,{"$f":"'Копировать сюда'!A13","v":"Барабан тормозной Lanos/Nexia c ABS и ступ. (TF 051132) "},null,null,{"$f":"'Копировать сюда'!C13","v":"шт."},{"$f":"'Копировать сюда'!D13","v":"2"},null,{"$f":"'Копировать сюда'!E13","v":1421.2},{"$f":"'Копировать сюда'!F13","v":2842.4}]
[null,14,{"$f":"'Копировать сюда'!A14","v":"Сальники клапанов 2101 (8шт) (CV 537) "},null,null,{"$f":"'Копировать сюда'!C14","v":"к-кт"},{"$f":"'Копировать сюда'!D14","v":"1"},null,{"$f":"'Копировать сюда'!E14","v":156.75},{"$f":"'Копировать сюда'!F14","v":156.75}]
[null,15,{"$f":"'Копировать сюда'!A15","v":"Колодка тормозная перед 2108 "},null,null,{"$f":"'Копировать сюда'!C15","v":"к-кт"},{"$f":"'Копировать сюда'!D15","v":"1"},null,{"$f":"'Копировать сюда'!E15","v":245.48},{"$f":"'Копировать сюда'!F15","v":245.48}]
[null,16,{"$f":"'Копировать сюда'!A16","v":"Аккумулятор 6CT-100VL (пт 1000)"},null,null,{"$f":"'Копировать сюда'!C16","v":"шт."},{"$f":"'Копировать сюда'!D16","v":"2"},null,{"$f":"'Копировать сюда'!E16","v":5110.68},{"$f":"'Копировать сюда'!F16","v":10221.36}]
[null,17,{"$f":"'Копировать сюда'!A17","v":"Клапан 2108 впускной (1500) 4шт"},null,null,{"$f":"'Копировать сюда'!C17","v":"к-кт"},{"$f":"'Копировать сюда'!D17","v":"1"},null,{"$f":"'Копировать сюда'!E17","v":330.8},{"$f":"'Копировать сюда'!F17","v":330.8}]
[null,18,{"$f":"'Копировать сюда'!A18","v":"Клапан 2108 выпускной 4шт"},null,null,{"$f":"'Копировать сюда'!C18","v":"к-кт"},{"$f":"'Копировать сюда'!D18","v":"1"},null,{"$f":"'Копировать сюда'!E18","v":657.44},{"$f":"'Копировать сюда'!F18","v":657.44}]
[null,19,{"$f":"'Копировать сюда'!A19","v":"Направляющие клапанов 2108 (к-т 8 шт)"},null,null,{"$f":"'Копировать сюда'!C19","v":"к-кт"},{"$f":"'Копировать сюда'!D19","v":"1"},null,{"$f":"'Копировать сюда'!E19","v":274.63},{"$f":"'Копировать сюда'!F19","v":274.63}]
[null,20,{"$f":"'Копировать сюда'!A20","v":"Датчик темп. охл. жидкости Lanos (EE-2634) "},null,null,{"$f":"'Копировать сюда'!C20","v":"шт."},{"$f":"'Копировать сюда'!D20","v":"1"},null,{"$f":"'Копировать сюда'!E20","v":92.05},{"$f":"'Копировать сюда'!F20","v":92.05}]
[null,21,{"$f":"'Копировать сюда'!A21","v":"Датчик вкл. вентилятора 2108 ( 99/94С) "},null,null,{"$f":"'Копировать сюда'!C21","v":"шт."},{"$f":"'Копировать сюда'!D21","v":"1"},null,{"$f":"'Копировать сюда'!E21","v":182.38},{"$f":"'Копировать сюда'!F21","v":182.38}]
[null,22,{"$f":"'Копировать сюда'!A22","v":"Радиатор охлаждения Сенс алюм (LRc 01083) "},null,null,{"$f":"'Копировать сюда'!C22","v":"шт."},{"$f":"'Копировать сюда'!D22","v":"1"},null,{"$f":"'Копировать сюда'!E22","v":1156.46},{"$f":"'Копировать сюда'!F22","v":1156.46}]
[null,23,{"$f":"'Копировать сюда'!A23","v":"Пыльник ШРУСа Lanos наруж (хомут+смазка) (0563-K02H) "},null,null,{"$f":"'Копировать сюда'!C23","v":"шт."},{"$f":"'Копировать сюда'!D23","v":"1"},null,{"$f":"'Копировать сюда'!E23","v":134.47},{"$f":"'Копировать сюда'!F23","v":134.47}]
[null,24,{"$f":"'Копировать сюда'!A24","v":0},null,null,{"$f":"'Копировать сюда'!C24","v":0},{"$f":"'Копировать сюда'!D24","v":0},null,{"$f":"'Копировать сюда'!E24","v":0},{"$f":"'Копировать сюда'!F24","v":0}]
[null,25,{"$f":"'Копировать сюда'!A25","v":0},null,null,{"$f":"'Копировать сюда'!C25","v":0},{"$f":"'Копировать сюда'!D25","v":0},null,{"$f":"'Копировать сюда'!E25","v":0},{"$f":"'Копировать сюда'!F25","v":0}]
[null,26,{"$f":"'Копировать сюда'!A26","v":0},null,null,{"$f":"'Копировать сюда'!C26","v":0},{"$f":"'Копировать сюда'!D26","v":0},null,{"$f":"'Копировать сюда'!E26","v":0},{"$f":"'Копировать сюда'!F26","v":0}]
[null,27,{"$f":"'Копировать сюда'!A27","v":0},null,null,{"$f":"'Копировать сюда'!C27","v":0},{"$f":"'Копировать сюда'!D27","v":0},null,{"$f":"'Копировать сюда'!E27","v":0},{"$f":"'Копировать сюда'!F27","v":0}]
[null,28,{"$f":"'Копировать сюда'!A28","v":0},null,null,{"$f":"'Копировать сюда'!C28","v":0},{"$f":"'Копировать сюда'!D28","v":0},null,{"$f":"'Копировать сюда'!E28","v":0},{"$f":"'Копировать сюда'!F28","v":0}]
[null,29,{"$f":"'Копировать сюда'!A29","v":0},null,null,{"$f":"'Копировать сюда'!C29","v":0},{"$f":"'Копировать сюда'!D29","v":0},null,{"$f":"'Копировать сюда'!E29","v":0},{"$f":"'Копировать сюда'!F29","v":0}]
[null,30,{"$f":"'Копировать сюда'!A30","v":0},null,null,{"$f":"'Копировать сюда'!C30","v":0},{"$f":"'Копировать сюда'!D30","v":0},null,{"$f":"'Копировать сюда'!E30","v":0},{"$f":"'Копировать сюда'!F30","v":0}]
[null,31,{"$f":"'Копировать сюда'!A31","v":0},null,null,{"$f":"'Копировать сюда'!C31","v":0},{"$f":"'Копировать сюда'!D31","v":0},null,{"$f":"'Копировать сюда'!E31","v":0},{"$f":"'Копировать сюда'!F31","v":0}]
[null,32,{"$f":"'Копировать сюда'!A32","v":0},null,null,{"$f":"'Копировать сюда'!C32","v":0},{"$f":"'Копировать сюда'!D32","v":0},null,{"$f":"'Копировать сюда'!E32","v":0},{"$f":"'Копировать сюда'!F32","v":0}]
[null,33,{"$f":"'Копировать сюда'!A33","v":0},null,null,{"$f":"'Копировать сюда'!C33","v":0},{"$f":"'Копировать сюда'!D33","v":0},null,{"$f":"'Копировать сюда'!E33","v":0},{"$f":"'Копировать сюда'!F33","v":0}]
[null,34,{"$f":"'Копировать сюда'!A34","v":0},null,null,{"$f":"'Копировать сюда'!C34","v":0},{"$f":"'Копировать сюда'!D34","v":0},null,{"$f":"'Копировать сюда'!E34","v":0},{"$f":"'Копировать сюда'!F34","v":0}]
[null,35,{"$f":"'Копировать сюда'!A35","v":0},null,null,{"$f":"'Копировать сюда'!C35","v":0},{"$f":"'Копировать сюда'!D35","v":0},null,{"$f":"'Копировать сюда'!E35","v":0},{"$f":"'Копировать сюда'!F35","v":0}]
[null,36,{"$f":"'Копировать сюда'!A36","v":0},null,null,{"$f":"'Копировать сюда'!C36","v":0},{"$f":"'Копировать сюда'!D36","v":0},null,{"$f":"'Копировать сюда'!E36","v":0},{"$f":"'Копировать сюда'!F36","v":0}]
[null,37,{"$f":"'Копировать сюда'!A37","v":0},null,null,{"$f":"'Копировать сюда'!C37","v":0},{"$f":"'Копировать сюда'!D37","v":0},null,{"$f":"'Копировать сюда'!E37","v":0},{"$f":"'Копировать сюда'!F37","v":0}]
[null,38,{"$f":"'Копировать сюда'!A38","v":0},null,null,{"$f":"'Копировать сюда'!C38","v":0},{"$f":"'Копировать сюда'!D38","v":0},null,{"$f":"'Копировать сюда'!E38","v":0},{"$f":"'Копировать сюда'!F38","v":0}]
[null,39,{"$f":"'Копировать сюда'!A39","v":0},null,null,{"$f":"'Копировать сюда'!C39","v":0},{"$f":"'Копировать сюда'!D39","v":0},null,{"$f":"'Копировать сюда'!E39","v":0},{"$f":"'Копировать сюда'!F39","v":0}]
[null,40,{"$f":"'Копировать сюда'!A40","v":0},null,null,{"$f":"'Копировать сюда'!C40","v":0},{"$f":"'Копировать сюда'!D40","v":0},null,{"$f":"'Копировать сюда'!E40","v":0},{"$f":"'Копировать сюда'!F40","v":0}]
[null,41,{"$f":"'Копировать сюда'!A41","v":0},null,null,{"$f":"'Копировать сюда'!C41","v":0},{"$f":"'Копировать сюда'!D41","v":0},null,{"$f":"'Копировать сюда'!E41","v":0},{"$f":"'Копировать сюда'!F41","v":0}]
[null,42,{"$f":"'Копировать сюда'!A42","v":0},null,null,{"$f":"'Копировать сюда'!C42","v":0},{"$f":"'Копировать сюда'!D42","v":0},null,{"$f":"'Копировать сюда'!E42","v":0},{"$f":"'Копировать сюда'!F42","v":0}]
[null,43,{"$f":"'Копировать сюда'!A43","v":0},null,null,{"$f":"'Копировать сюда'!C43","v":0},{"$f":"'Копировать сюда'!D43","v":0},null,{"$f":"'Копировать сюда'!E43","v":0},{"$f":"'Копировать сюда'!F43","v":0}]
[null,44,{"$f":"'Копировать сюда'!A44","v":0},null,null,{"$f":"'Копировать сюда'!C44","v":0},{"$f":"'Копировать сюда'!D44","v":0},null,{"$f":"'Копировать сюда'!E44","v":0},{"$f":"'Копировать сюда'!F44","v":0}]
[null,45,{"$f":"'Копировать сюда'!A45","v":0},null,null,{"$f":"'Копировать сюда'!C45","v":0},{"$f":"'Копировать сюда'!D45","v":0},null,{"$f":"'Копировать сюда'!E45","v":0},{"$f":"'Копировать сюда'!F45","v":0}]
[null,46,{"$f":"'Копировать сюда'!A46","v":0},null,null,{"$f":"'Копировать сюда'!C46","v":0},{"$f":"'Копировать сюда'!D46","v":0},null,{"$f":"'Копировать сюда'!E46","v":0},{"$f":"'Копировать сюда'!F46","v":0}]
[null,47,{"$f":"'Копировать сюда'!A47","v":0},null,null,{"$f":"'Копировать сюда'!C47","v":0},{"$f":"'Копировать сюда'!D47","v":0},null,{"$f":"'Копировать сюда'!E47","v":0},{"$f":"'Копировать сюда'!F47","v":0}]
[null,48,{"$f":"'Копировать сюда'!A48","v":0},null,null,{"$f":"'Копировать сюда'!C48","v":0},{"$f":"'Копировать сюда'!D48","v":0},null,{"$f":"'Копировать сюда'!E48","v":0},{"$f":"'Копировать сюда'!F48","v":0}]
[null,49,{"$f":"'Копировать сюда'!A49","v":0},null,null,{"$f":"'Копировать сюда'!C49","v":0},{"$f":"'Копировать сюда'!D49","v":0},null,{"$f":"'Копировать сюда'!E49","v":0},{"$f":"'Копировать сюда'!F49","v":0}]
[null,50,{"$f":"'Копировать сюда'!A50","v":0},null,null,{"$f":"'Копировать сюда'!C50","v":0},{"$f":"'Копировать сюда'!D50","v":0},null,{"$f":"'Копировать сюда'!E50","v":0},{"$f":"'Копировать сюда'!F50","v":0}]
[null,null,null,null,null,null,null,null,null,{"$f":"SUM(J12:J61)","v":21076.91}]
[null,"Всего отгружено на сумму :"]
[null,{"$f":"'Сумма прописью'!B49","v":"Двадцать одна тысяча семьдесят шесть рублей 91 копейка"}]
[]
[]
[null,"От продавца",null,null,null,null,null,null,"От покупателя"]

{"sheet":"Счет","index":1,"n_rows":67,"n_cols":10,"rows_kept":67,"cut":false,"hidden":false,"merged":[[1,1,1,2],[1,3,1,9],[3,1,3,2],[3,3,3,9],[4,3,4,9],[5,3,5,9],[12,2,12,4],[12,6,12,7],[13,2,13,4],[13,6,13,7],[14,2,14,4],[14,6,14,7],[6,3,6,9],[8,1,8,9],[10,2,10,4],[10,6,10,7],[11,2,11,4],[11,6,11,7],[18,2,18,4],[18,6,18,7],[19,2,19,4],[19,6,19,7],[20,2,20,4],[20,6,20,7],[15,2,15,4],[15,6,15,7],[16,2,16,4],[16,6,16,7],[17,2,17,4],[17,6,17,7],[24,2,24,4],[24,6,24,7],[25,2,25,4],[25,6,25,7],[26,2,26,4],[26,6,26,7],[21,2,21,4],[21,6,21,7],[22,2,22,4],[22,6,22,7],[23,2,23,4],[23,6,23,7],[30,2,30,4],[30,6,30,7],[31,2,31,4],[31,6,31,7],[32,2,32,4],[32,6,32,7],[27,2,27,4],[27,6,27,7],[28,2,28,4],[28,6,28,7],[29,2,29,4],[29,6,29,7],[36,2,36,4],[36,6,36,7],[37,2,37,4],[37,6,37,7],[38,2,38,4],[38,6,38,7],[33,2,33,4],[33,6,33,7],[34,2,34,4],[34,6,34,7],[35,2,35,4],[35,6,35,7],[42,2,42,4],[42,6,42,7],[43,2,43,4],[43,6,43,7],[44,2,44,4],[44,6,44,7],[39,2,39,4],[39,6,39,7],[40,2,40,4],[40,6,40,7],[41,2,41,4],[41,6,41,7],[48,2,48,4],[48,6,48,7],[49,2,49,4],[49,6,49,7],[50,2,50,4],[50,6,50,7],[45,2,45,4],[45,6,45,7],[46,2,46,4],[46,6,46,7],[47,2,47,4],[47,6,47,7],[54,2,54,4],[54,6,54,7],[55,2,55,4],[55,6,55,7],[56,2,56,4],[56,6,56,7],[51,2,51,4],[51,6,51,7],[52,2,52,4],[52,6,52,7],[53,2,53,4],[53,6,53,7],[60,2,60,4],[60,6,60,7],[63,1,63,9],[66,8,66,9],[70,8,70,9],[57,2,57,4],[57,6,57,7],[58,2,58,4],[58,6,58,7],[59,2,59,4],[59,6,59,7]]}
[]
[null,"Поставщик ",null,"ФЛП КИСИЛЬ РОМАН АЛЕКСЕЕВИЧ    \nАдрес: ДНР 86422, город Енакиево, улица Мостовая, дом 10\nСвидетельство: АА03 №019731\nИНН: 2505700271 \nР/C 26008631040100  в ЦРБ ДНР, МФО 400019\n"]
[]
[null,"Покупатель",null,{"$f":"Лист2!B1","v":"ООО  \"АИС АВТОДОМ ДОНЕЦК\"                                                                                                                                                                                                                                                                                                   Адрес: ДНР 83059, г. Донецк, Калининский район, ул.Разенкова, д.14а/2                         Свидетельство: АА02 №43194                                                                                                                                                        ИНН: 35457304"}]
[null,null,null,{"$f":"Лист2!B6","v":"Адрес: ДНР 83059, г. Донецк, Калининский район, ул.Разенкова, д.14а/2"}]
[null,null,null,{"$f":"Лист2!B11","v":"Свидетельство: АА02 №43194"}]
[null,null,null,{"$f":"Лист2!B16","v":"ИНН: 35457304"}]
[]
[null,{"$f":"\"Счет № \"&'Копировать сюда'!H4&\" от \"&Лист2!B25","v":"Счет № 015656 от 15 Июня 2017 г."}]
[]
[null,"№","Наименование",null,null,"Ед.\nизм.","Кол-\nво",null,"Цена ","Сумма "]
[null,1,{"$f":"'Копировать сюда'!A1","v":"Р/к колодок зад LANOS ЛЕВЫЙ "},null,null,{"$f":"'Копировать сюда'!C1","v":"шт."},{"$f":"'Копировать сюда'!D1","v":"1"},null,{"$f":"'Копировать сюда'!E1","v":129.09},{"$f":"'Копировать сюда'!F1","v":129.09}]
[null,2,{"$f":"'Копировать сюда'!A2","v":"Р/к колодок зад LANOS ПРАВЫЙ "},null,null,{"$f":"'Копировать сюда'!C2","v":"шт."},{"$f":"'Копировать сюда'!D2","v":"1"},null,{"$f":"'Копировать сюда'!E2","v":129.09},{"$f":"'Копировать сюда'!F2","v":129.09}]
[null,3,{"$f":"'Копировать сюда'!A3","v":"Сайлентблок рычага Lanos (зад) ОРИГИНАЛ"},null,null,{"$f":"'Копировать сюда'!C3","v":"шт."},{"$f":"'Копировать сюда'!D3","v":"2"},null,{"$f":"'Копировать сюда'!E3","v":161.37},{"$f":"'Копировать сюда'!F3","v":322.73}]
[null,4,{"$f":"'Копировать сюда'!A4","v":"Сайлентблок рычага переднего Lacetti (задний) ОРИГИНАЛ"},null,null,{"$f":"'Копировать сюда'!C4","v":"шт."},{"$f":"'Копировать сюда'!D4","v":"2"},null,{"$f":"'Копировать сюда'!E4","v":196.87},{"$f":"'Копировать сюда'!F4","v":393.74}]
[null,5,{"$f":"'Копировать сюда'!A5","v":"Шаровая опора LACETTI  (1шт) ОРИГИНАЛ"},null,null,{"$f":"'Копировать сюда'!C5","v":"шт."},{"$f":"'Копировать сюда'!D5","v":"2"},null,{"$f":"'Копировать сюда'!E5","v":412.14},{"$f":"'Копировать сюда'!F5","v":824.29}]
[null,6,{"$f":"'Копировать сюда'!A6","v":"Колодка тормозная задняя Lanos, Nexia "},null,null,{"$f":"'Копировать сюда'!C6","v":"к-кт"},{"$f":"'Копировать сюда'!D6","v":"1"},null,{"$f":"'Копировать сюда'!E6","v":742.29},{"$f":"'Копировать сюда'!F6","v":742.29}]
[null,7,{"$f":"'Копировать сюда'!A7","v":"Шестерня к/в Lanos (со шпонкой) "},null,null,{"$f":"'Копировать сюда'!C7","v":"шт."},{"$f":"'Копировать сюда'!D7","v":"1"},null,{"$f":"'Копировать сюда'!E7","v":183.96},{"$f":"'Копировать сюда'!F7","v":183.96}]
[null,8,{"$f":"'Копировать сюда'!A8","v":"Лейка метал. 2101 (носик толстый прямой) "},null,null,{"$f":"'Копировать сюда'!C8","v":"шт."},{"$f":"'Копировать сюда'!D8","v":"1"},null,{"$f":"'Копировать сюда'!E8","v":111.22},{"$f":"'Копировать сюда'!F8","v":111.22}]
[null,9,{"$f":"'Копировать сюда'!A9","v":"Лейка метал. 2108 (носик узкий кривой) "},null,null,{"$f":"'Копировать сюда'!C9","v":"шт."},{"$f":"'Копировать сюда'!D9","v":"1"},null,{"$f":"'Копировать сюда'!E9","v":111.22},{"$f":"'Копировать сюда'!F9","v":111.22}]
[null,10,{"$f":"'Копировать сюда'!A10","v":"Болт петли замка двери Lanos,Aveo,Lacetti "},null,null,{"$f":"'Копировать сюда'!C10","v":"шт."},{"$f":"'Копировать сюда'!D10","v":"8"},null,{"$f":"'Копировать сюда'!E10","v":10.65},{"$f":"'Копировать сюда'!F10","v":85.2}]
[null,11,{"$f":"'Копировать сюда'!A11","v":"Подвеска глушителя Lanos тонкая "},null,null,{"$f":"'Копировать сюда'!C11","v":"шт."},{"$f":"'Копировать сюда'!D11","v":"2"},null,{"$f":"'Копировать сюда'!E11","v":49.38},{"$f":"'Копировать сюда'!F11","v":98.76}]
[null,12,{"$f":"'Копировать сюда'!A12","v":"Амортизатор Lanos задний (AH 05501) "},null,null,{"$f":"'Копировать сюда'!C12","v":"шт."},{"$f":"'Копировать сюда'!D12","v":"2"},null,{"$f":"'Копировать сюда'!E12","v":825.55},{"$f":"'Копировать сюда'!F12","v":1651.1}]
[null,13,{"$f":"'Копировать сюда'!A13","v":"Барабан тормозной Lanos/Nexia c ABS и ступ. (TF 051132) "},null,null,{"$f":"'Копировать сюда'!C13","v":"шт."},{"$f":"'Копировать сюда'!D13","v":"2"},null,{"$f":"'Копировать сюда'!E13","v":1421.2},{"$f":"'Копировать сюда'!F13","v":2842.4}]
[null,14,{"$f":"'Копировать сюда'!A14","v":"Сальники клапанов 2101 (8шт) (CV 537) "},null,null,{"$f":"'Копировать сюда'!C14","v":"к-кт"},{"$f":"'Копировать сюда'!D14","v":"1"},null,{"$f":"'Копировать сюда'!E14","v":156.75},{"$f":"'Копировать сюда'!F14","v":156.75}]
[null,15,{"$f":"'Копировать сюда'!A15","v":"Колодка тормозная перед 2108 "},null,null,{"$f":"'Копировать сюда'!C15","v":"к-кт"},{"$f":"'Копировать сюда'!D15","v":"1"},null,{"$f":"'Копировать сюда'!E15","v":245.48},{"$f":"'Копировать сюда'!F15","v":245.48}]
[null,16,{"$f":"'Копировать сюда'!A16","v":"Аккумулятор 6CT-100VL (пт 1000)"},null,null,{"$f":"'Копировать сюда'!C16","v":"шт."},{"$f":"'Копировать сюда'!D16","v":"2"},null,{"$f":"'Копировать сюда'!E16","v":5110.68},{"$f":"'Копировать сюда'!F16","v":10221.36}]
[null,17,{"$f":"'Копировать сюда'!A17","v":"Клапан 2108 впускной (1500) 4шт"},null,null,{"$f":"'Копировать сюда'!C17","v":"к-кт"},{"$f":"'Копировать сюда'!D17","v":"1"},null,{"$f":"'Копировать сюда'!E17","v":330.8},{"$f":"'Копировать сюда'!F17","v":330.8}]
[null,18,{"$f":"'Копировать сюда'!A18","v":"Клапан 2108 выпускной 4шт"},null,null,{"$f":"'Копировать сюда'!C18","v":"к-кт"},{"$f":"'Копировать сюда'!D18","v":"1"},null,{"$f":"'Копировать сюда'!E18","v":657.44},{"$f":"'Копировать сюда'!F18","v":657.44}]
[null,19,{"$f":"'Копировать сюда'!A19","v":"Направляющие клапанов 2108 (к-т 8 шт)"},null,null,{"$f":"'Копировать сюда'!C19","v":"к-кт"},{"$f":"'Копировать сюда'!D19","v":"1"},null,{"$f":"'Копировать сюда'!E19","v":274.63},{"$f":"'Копировать сюда'!F19","v":274.63}]
[null,20,{"$f":"'Копировать сюда'!A20","v":"Датчик темп. охл. жидкости Lanos (EE-2634) "},null,null,{"$f":"'Копировать сюда'!C20","v":"шт."},{"$f":"'Копировать сюда'!D20","v":"1"},null,{"$f":"'Копировать сюда'!E20","v":92.05},{"$f":"'Копировать сюда'!F20","v":92.05}]
[null,21,{"$f":"'Копировать сюда'!A21","v":"Датчик вкл. вентилятора 2108 ( 99/94С) "},null,null,{"$f":"'Копировать сюда'!C21","v":"шт."},{"$f":"'Копировать сюда'!D21","v":"1"},null,{"$f":"'Копировать сюда'!E21","v":182.38},{"$f":"'Копировать сюда'!F21","v":182.38}]
[null,22,{"$f":"'Копировать сюда'!A22","v":"Радиатор охлаждения Сенс алюм (LRc 01083) "},null,null,{"$f":"'Копировать сюда'!C22","v":"шт."},{"$f":"'Копировать сюда'!D22","v":"1"},null,{"$f":"'Копировать сюда'!E22","v":1156.46},{"$f":"'Копировать сюда'!F22","v":1156.46}]
[null,23,{"$f":"'Копировать сюда'!A23","v":"Пыльник ШРУСа Lanos наруж (хомут+смазка) (0563-K02H) "},null,null,{"$f":"'Копировать сюда'!C23","v":"шт."},{"$f":"'Копировать сюда'!D23","v":"1"},null,{"$f":"'Копировать сюда'!E23","v":134.47},{"$f":"'Копировать сюда'!F23","v":134.47}]
[null,24,{"$f":"'Копировать сюда'!A24","v":0},null,null,{"$f":"'Копировать сюда'!C24","v":0},{"$f":"'Копировать сюда'!D24","v":0},null,{"$f":"'Копировать сюда'!E24","v":0},{"$f":"'Копировать сюда'!F24","v":0}]
[null,25,{"$f":"'Копировать сюда'!A25","v":0},null,null,{"$f":"'Копировать сюда'!C25","v":0},{"$f":"'Копировать сюда'!D25","v":0},null,{"$f":"'Копировать сюда'!E25","v":0},{"$f":"'Копировать сюда'!F25","v":0}]
[null,26,{"$f":"'Копировать сюда'!A26","v":0},null,null,{"$f":"'Копировать сюда'!C26","v":0},{"$f":"'Копировать сюда'!D26","v":0},null,{"$f":"'Копировать сюда'!E26","v":0},{"$f":"'Копировать сюда'!F26","v":0}]
[null,27,{"$f":"'Копировать сюда'!A27","v":0},null,null,{"$f":"'Копировать сюда'!C27","v":0},{"$f":"'Копировать сюда'!D27","v":0},null,{"$f":"'Копировать сюда'!E27","v":0},{"$f":"'Копировать сюда'!F27","v":0}]
[null,28,{"$f":"'Копировать сюда'!A28","v":0},null,null,{"$f":"'Копировать сюда'!C28","v":0},{"$f":"'Копировать сюда'!D28","v":0},null,{"$f":"'Копировать сюда'!E28","v":0},{"$f":"'Копировать сюда'!F28","v":0}]
[null,29,{"$f":"'Копировать сюда'!A29","v":0},null,null,{"$f":"'Копировать сюда'!C29","v":0},{"$f":"'Копировать сюда'!D29","v":0},null,{"$f":"'Копировать сюда'!E29","v":0},{"$f":"'Копировать сюда'!F29","v":0}]
[null,30,{"$f":"'Копировать сюда'!A30","v":0},null,null,{"$f":"'Копировать сюда'!C30","v":0},{"$f":"'Копировать сюда'!D30","v":0},null,{"$f":"'Копировать сюда'!E30","v":0},{"$f":"'Копировать сюда'!F30","v":0}]
[null,31,{"$f":"'Копировать сюда'!A31","v":0},null,null,{"$f":"'Копировать сюда'!C31","v":0},{"$f":"'Копировать сюда'!D31","v":0},null,{"$f":"'Копировать сюда'!E31","v":0},{"$f":"'Копировать сюда'!F31","v":0}]
[null,32,{"$f":"'Копировать сюда'!A32","v":0},null,null,{"$f":"'Копировать сюда'!C32","v":0},{"$f":"'Копировать сюда'!D32","v":0},null,{"$f":"'Копировать сюда'!E32","v":0},{"$f":"'Копировать сюда'!F32","v":0}]
[null,33,{"$f":"'Копировать сюда'!A33","v":0},null,null,{"$f":"'Копировать сюда'!C33","v":0},{"$f":"'Копировать сюда'!D33","v":0},null,{"$f":"'Копировать сюда'!E33","v":0},{"$f":"'Копировать сюда'!F33","v":0}]
[null,34,{"$f":"'Копировать сюда'!A34","v":0},null,null,{"$f":"'Копировать сюда'!C34","v":0},{"$f":"'Копировать сюда'!D34","v":0},null,{"$f":"'Копировать сюда'!E34","v":0},{"$f":"'Копировать сюда'!F34","v":0}]
[null,35,{"$f":"'Копировать сюда'!A35","v":0},null,null,{"$f":"'Копировать сюда'!C35","v":0},{"$f":"'Копировать сюда'!D35","v":0},null,{"$f":"'Копировать сюда'!E35","v":0},{"$f":"'Копировать сюда'!F35","v":0}]
[null,36,{"$f":"'Копировать сюда'!A36","v":0},null,null,{"$f":"'Копировать сюда'!C36","v":0},{"$f":"'Копировать сюда'!D36","v":0},null,{"$f":"'Копировать сюда'!E36","v":0},{"$f":"'Копировать сюда'!F36","v":0}]
[null,37,{"$f":"'Копировать сюда'!A37","v":0},null,null,{"$f":"'Копировать сюда'!C37","v":0},{"$f":"'Копировать сюда'!D37","v":0},null,{"$f":"'Копировать сюда'!E37","v":0},{"$f":"'Копировать сюда'!F37","v":0}]
[null,38,{"$f":"'Копировать сюда'!A38","v":0},null,null,{"$f":"'Копировать сюда'!C38","v":0},{"$f":"'Копировать сюда'!D38","v":0},null,{"$f":"'Копировать сюда'!E38","v":0},{"$f":"'Копировать сюда'!F38","v":0}]
[null,39,{"$f":"'Копировать сюда'!A39","v":0},null,null,{"$f":"'Копировать сюда'!C39","v":0},{"$f":"'Копировать сюда'!D39","v":0},null,{"$f":"'Копировать сюда'!E39","v":0},{"$f":"'Копировать сюда'!F39","v":0}]
[null,40,{"$f":"'Копировать сюда'!A40","v":0},null,null,{"$f":"'Копировать сюда'!C40","v":0},{"$f":"'Копировать сюда'!D40","v":0},null,{"$f":"'Копировать сюда'!E40","v":0},{"$f":"'Копировать сюда'!F40","v":0}]
[null,41,{"$f":"'Копировать сюда'!A41","v":0},null,null,{"$f":"'Копировать сюда'!C41","v":0},{"$f":"'Копировать сюда'!D41","v":0},null,{"$f":"'Копировать сюда'!E41","v":0},{"$f":"'Копировать сюда'!F41","v":0}]
[null,42,{"$f":"'Копировать сюда'!A42","v":0},null,null,{"$f":"'Копировать сюда'!C42","v":0},{"$f":"'Копировать сюда'!D42","v":0},null,{"$f":"'Копировать сюда'!E42","v":0},{"$f":"'Копировать сюда'!F42","v":0}]
[null,43,{"$f":"'Копировать сюда'!A43","v":0},null,null,{"$f":"'Копировать сюда'!C43","v":0},{"$f":"'Копировать сюда'!D43","v":0},null,{"$f":"'Копировать сюда'!E43","v":0},{"$f":"'Копировать сюда'!F43","v":0}]
[null,44,{"$f":"'Копировать сюда'!A44","v":0},null,null,{"$f":"'Копировать сюда'!C44","v":0},{"$f":"'Копировать сюда'!D44","v":0},null,{"$f":"'Копировать сюда'!E44","v":0},{"$f":"'Копировать сюда'!F44","v":0}]
[null,45,{"$f":"'Копировать сюда'!A45","v":0},null,null,{"$f":"'Копировать сюда'!C45","v":0},{"$f":"'Копировать сюда'!D45","v":0},null,{"$f":"'Копировать сюда'!E45","v":0},{"$f":"'Копировать сюда'!F45","v":0}]
[null,46,{"$f":"'Копировать сюда'!A46","v":0},null,null,{"$f":"'Копировать сюда'!C46","v":0},{"$f":"'Копировать сюда'!D46","v":0},null,{"$f":"'Копировать сюда'!E46","v":0},{"$f":"'Копировать сюда'!F46","v":0}]
[null,47,{"$f":"'Копировать сюда'!A47","v":0},null,null,{"$f":"'Копировать сюда'!C47","v":0},{"$f":"'Копировать сюда'!D47","v":0},null,{"$f":"'Копировать сюда'!E47","v":0},{"$f":"'Копировать сюда'!F47","v":0}]
[null,48,{"$f":"'Копировать сюда'!A48","v":0},null,null,{"$f":"'Копировать сюда'!C48","v":0},{"$f":"'Копировать сюда'!D48","v":0},null,{"$f":"'Копировать сюда'!E48","v":0},{"$f":"'Копировать сюда'!F48","v":0}]
[null,49,{"$f":"'Копировать сюда'!A49","v":0},null,null,{"$f":"'Копировать сюда'!C49","v":0},{"$f":"'Копировать сюда'!D49","v":0},null,{"$f":"'Копировать сюда'!E49","v":0},{"$f":"'Копировать сюда'!F49","v":0}]
[null,50,{"$f":"'Копировать сюда'!A50","v":0},null,null,{"$f":"'Копировать сюда'!C50","v":0},{"$f":"'Копировать сюда'!D50","v":0},null,{"$f":"'Копировать сюда'!E50","v":0},{"$f":"'Копировать сюда'!F50","v":0}]
[null,null,null,null,null,null,null,null,null,{"$f":"SUM(J12:J61)","v":21076.91}]
[null,"Всего отгружено на сумму :"]
[null,{"$f":"'Сумма прописью'!B49","v":"Двадцать одна тысяча семьдесят шесть рублей 91 копейка"}]
[]
[]
[null,null,null,null,null,null,null,null,"От продавца"]

{"sheet":"Копировать сюда","index":2,"n_rows":23,"n_cols":8,"rows_kept":23,"cut":false,"hidden":false,"merged":[[18,0,18,1],[19,0,19,1],[20,0,20,1],[21,0,21,1],[22,0,22,1],[17,0,17,1],[6,0,6,1],[7,0,7,1],[8,0,8,1],[9,0,9,1],[10,0,10,1],[11,0,11,1],[12,0,12,1],[13,0,13,1],[14,0,14,1],[15,0,15,1],[16,0,16,1],[5,0,5,1],[0,0,0,1],[1,0,1,1],[2,0,2,1],[3,0,3,1],[4,0,4,1]]}
["Р/к колодок зад LANOS ЛЕВЫЙ ",null,"шт.","1",129.09,129.09]
["Р/к колодок зад LANOS ПРАВЫЙ ",null,"шт.","1",129.09,129.09,null,"ООО  \"АИС АВТОДОМ ДОНЕЦК\""]
["Сайлентблок рычага Lanos (зад) ОРИГИНАЛ",null,"шт.","2",161.37,322.73]
["Сайлентблок рычага переднего Lacetti (задний) ОРИГИНАЛ",null,"шт.","2",196.87,393.74,"№","015656"]
["Шаровая опора LACETTI  (1шт) ОРИГИНАЛ",null,"шт.","2",412.14,824.29,"Дата","2017-06-15"]
["Колодка тормозная задняя Lanos, Nexia ",null,"к-кт","1",742.29,742.29]
["Шестерня к/в Lanos (со шпонкой) ",null,"шт.","1",183.96,183.96]
["Лейка метал. 2101 (носик толстый прямой) ",null,"шт.","1",111.22,111.22]
["Лейка метал. 2108 (носик узкий кривой) ",null,"шт.","1",111.22,111.22]
["Болт петли замка двери Lanos,Aveo,Lacetti ",null,"шт.","8",10.65,85.2]
["Подвеска глушителя Lanos тонкая ",null,"шт.","2",49.38,98.76]
["Амортизатор Lanos задний (AH 05501) ",null,"шт.","2",825.55,1651.1]
["Барабан тормозной Lanos/Nexia c ABS и ступ. (TF 051132) ",null,"шт.","2",1421.2,2842.4]
["Сальники клапанов 2101 (8шт) (CV 537) ",null,"к-кт","1",156.75,156.75]
["Колодка тормозная перед 2108 ",null,"к-кт","1",245.48,245.48]
["Аккумулятор 6CT-100VL (пт 1000)",null,"шт.","2",5110.68,10221.36]
["Клапан 2108 впускной (1500) 4шт",null,"к-кт","1",330.8,330.8]
["Клапан 2108 выпускной 4шт",null,"к-кт","1",657.44,657.44]
["Направляющие клапанов 2108 (к-т 8 шт)",null,"к-кт","1",274.63,274.63]
["Датчик темп. охл. жидкости Lanos (EE-2634) ",null,"шт.","1",92.05,92.05]
["Датчик вкл. вентилятора 2108 ( 99/94С) ",null,"шт.","1",182.38,182.38]
["Радиатор охлаждения Сенс алюм (LRc 01083) ",null,"шт.","1",1156.46,1156.46]
["Пыльник ШРУСа Lanos наруж (хомут+смазка) (0563-K02H) ",null,"шт.","1",134.47,134.47]

{"sheet":"Сумма прописью","index":3,"n_rows":49,"n_cols":3,"rows_kept":49,"cut":false,"hidden":true,"merged":[]}
["СУММА ПРОПИСЬЮ"]
[]
[{"$f":"[1]РН!H2018","v":{"$error":"#REF!"}},{"$f":"SUBSTITUTE(PROPER(INDEX(n_4,MID(TEXT(A3,n0),1,1)+1)&INDEX(n0x,MID(TEXT(A3,n0),2,1)+1,MID(TEXT(A3,n0),3,1)+1)&IF(-MID(TEXT(A3,n0),1,3),\"миллиард\"&VLOOKUP(MID(TEXT(A3,n0),3,1)*AND(MID(TEXT(A3,n0),2,1)-1),мил,2),\"\")&INDEX(n_4,MID(TEXT(A3,n0),4,1)+1)&INDEX(n0x,MID(TEXT(A3,n0),5,1)+1,MID(TEXT(A3,n0),6,1)+1)&IF(-MID(TEXT(A3,n0),4,3),\"миллион\"&VLOOKUP(MID(TEXT(A3,n0),6,1)*AND(MID(TEXT(A3,n0),5,1)-1),мил,2),\"\")&INDEX(n_4,MID(TEXT(A3,n0),7,1)+1)&INDEX(n1x,MID(TEXT(A3,n0),8,1)+1,MID(TEXT(A3,n0),9,1)+1)&IF(-MID(TEXT(A3,n0),7,3),VLOOKUP(MID(TEXT(A3,n0),9,1)*AND(MID(TEXT(A3,n0),8,1)-1),тыс,2),\"\")&INDEX(n_4,MID(TEXT(A3,n0),10,1)+1)&INDEX(n0x,MID(TEXT(A3,n0),11,1)+1,MID(TEXT(A3,n0),12,1)+1)),\"z\",\" \")&IF(TRUNC(TEXT(A3,n0)),\"\",\"Ноль \")&\"рубл\"&VLOOKUP(MOD(MAX(MOD(MID(TEXT(A3,n0),11,2)-11,100),9),10),{0,\"ь \";1,\"я \";4,\"ей \"},2)&RIGHT(TEXT(A3,n0),2)&\" копе\"&VLOOKUP(MOD(MAX(MOD(RIGHT(TEXT(A3,n0),2)-11,100),9),10),{0,\"йка\";1,\"йки\";4,\"ек\"},2)","v":{"$error":"#REF!"}}]
["Константы:"]
[0.23,{"$f":"SUBSTITUTE(PROPER(INDEX(n_4,MID(TEXT(A5,n0),1,1)+1)&INDEX(n0x,MID(TEXT(A5,n0),2,1)+1,MID(TEXT(A5,n0),3,1)+1)&IF(-MID(TEXT(A5,n0),1,3),\"миллиард\"&VLOOKUP(MID(TEXT(A5,n0),3,1)*AND(MID(TEXT(A5,n0),2,1)-1),мил,2),\"\")&INDEX(n_4,MID(TEXT(A5,n0),4,1)+1)&INDEX(n0x,MID(TEXT(A5,n0),5,1)+1,MID(TEXT(A5,n0),6,1)+1)&IF(-MID(TEXT(A5,n0),4,3),\"миллион\"&VLOOKUP(MID(TEXT(A5,n0),6,1)*AND(MID(TEXT(A5,n0),5,1)-1),мил,2),\"\")&INDEX(n_4,MID(TEXT(A5,n0),7,1)+1)&INDEX(n1x,MID(TEXT(A5,n0),8,1)+1,MID(TEXT(A5,n0),9,1)+1)&IF(-MID(TEXT(A5,n0),7,3),VLOOKUP(MID(TEXT(A5,n0),9,1)*AND(MID(TEXT(A5,n0),8,1)-1),тыс,2),\"\")&INDEX(n_4,MID(TEXT(A5,n0),10,1)+1)&INDEX(n0x,MID(TEXT(A5,n0),11,1)+1,MID(TEXT(A5,n0),12,1)+1)),\"z\",\" \")&IF(TRUNC(TEXT(A5,n0)),\"\",\"Ноль \")&\"рубл\"&VLOOKUP(MOD(MAX(MOD(MID(TEXT(A5,n0),11,2)-11,100),9),10),{0,\"ь \";1,\"я \";4,\"ей \"},2)&RIGHT(TEXT(A5,n0),2)&\" копе\"&VLOOKUP(MOD(MAX(MOD(RIGHT(TEXT(A5,n0),2)-11,100),9),10),{0,\"йка\";1,\"йки\";4,\"ек\"},2)","v":"Ноль рублей 23 копейки"}]
[1,{"$f":"SUBSTITUTE(PROPER(INDEX(n_4,MID(TEXT(A6,n0),1,1)+1)&INDEX(n0x,MID(TEXT(A6,n0),2,1)+1,MID(TEXT(A6,n0),3,1)+1)&IF(-MID(TEXT(A6,n0),1,3),\"миллиард\"&VLOOKUP(MID(TEXT(A6,n0),3,1)*AND(MID(TEXT(A6,n0),2,1)-1),мил,2),\"\")&INDEX(n_4,MID(TEXT(A6,n0),4,1)+1)&INDEX(n0x,MID(TEXT(A6,n0),5,1)+1,MID(TEXT(A6,n0),6,1)+1)&IF(-MID(TEXT(A6,n0),4,3),\"миллион\"&VLOOKUP(MID(TEXT(A6,n0),6,1)*AND(MID(TEXT(A6,n0),5,1)-1),мил,2),\"\")&INDEX(n_4,MID(TEXT(A6,n0),7,1)+1)&INDEX(n1x,MID(TEXT(A6,n0),8,1)+1,MID(TEXT(A6,n0),9,1)+1)&IF(-MID(TEXT(A6,n0),7,3),VLOOKUP(MID(TEXT(A6,n0),9,1)*AND(MID(TEXT(A6,n0),8,1)-1),тыс,2),\"\")&INDEX(n_4,MID(TEXT(A6,n0),10,1)+1)&INDEX(n0x,MID(TEXT(A6,n0),11,1)+1,MID(TEXT(A6,n0),12,1)+1)),\"z\",\" \")&IF(TRUNC(TEXT(A6,n0)),\"\",\"Ноль \")&\"рубл\"&VLOOKUP(MOD(MAX(MOD(MID(TEXT(A6,n0),11,2)-11,100),9),10),{0,\"ь \";1,\"я \";4,\"ей \"},2)&RIGHT(TEXT(A6,n0),2)&\" копе\"&VLOOKUP(MOD(MAX(MOD(RIGHT(TEXT(A6,n0),2)-11,100),9),10),{0,\"йка\";1,\"йки\";4,\"ек\"},2)","v":"Один рубль 00 копеек"}]
[2.0099999999999998,{"$f":"SUBSTITUTE(PROPER(INDEX(n_4,MID(TEXT(A7,n0),1,1)+1)&INDEX(n0x,MID(TEXT(A7,n0),2,1)+1,MID(TEXT(A7,n0),3,1)+1)&IF(-MID(TEXT(A7,n0),1,3),\"миллиард\"&VLOOKUP(MID(TEXT(A7,n0),3,1)*AND(MID(TEXT(A7,n0),2,1)-1),мил,2),\"\")&INDEX(n_4,MID(TEXT(A7,n0),4,1)+1)&INDEX(n0x,MID(TEXT(A7,n0),5,1)+1,MID(TEXT(A7,n0),6,1)+1)&IF(-MID(TEXT(A7,n0),4,3),\"миллион\"&VLOOKUP(MID(TEXT(A7,n0),6,1)*AND(MID(TEXT(A7,n0),5,1)-1),мил,2),\"\")&INDEX(n_4,MID(TEXT(A7,n0),7,1)+1)&INDEX(n1x,MID(TEXT(A7,n0),8,1)+1,MID(TEXT(A7,n0),9,1)+1)&IF(-MID(TEXT(A7,n0),7,3),VLOOKUP(MID(TEXT(A7,n0),9,1)*AND(MID(TEXT(A7,n0),8,1)-1),тыс,2),\"\")&INDEX(n_4,MID(TEXT(A7,n0),10,1)+1)&INDEX(n0x,MID(TEXT(A7,n0),11,1)+1,MID(TEXT(A7,n0),12,1)+1)),\"z\",\" \")&IF(TRUNC(TEXT(A7,n0)),\"\",\"Ноль \")&\"рубл\"&VLOOKUP(MOD(MAX(MOD(MID(TEXT(A7,n0),11,2)-11,100),9),10),{0,\"ь \";1,\"я \";4,\"ей \"},2)&RIGHT(TEXT(A7,n0),2)&\" копе\"&VLOOKUP(MOD(MAX(MOD(RIGHT(TEXT(A7,n0),2)-11,100),9),10),{0,\"йка\";1,\"йки\";4,\"ек\"},2)","v":"Два рубля 01 копейка"}]
[4.99,{"$f":"SUBSTITUTE(PROPER(INDEX(n_4,MID(TEXT(A8,n0),1,1)+1)&INDEX(n0x,MID(TEXT(A8,n0),2,1)+1,MID(TEXT(A8,n0),3,1)+1)&IF(-MID(TEXT(A8,n0),1,3),\"миллиард\"&VLOOKUP(MID(TEXT(A8,n0),3,1)*AND(MID(TEXT(A8,n0),2,1)-1),мил,2),\"\")&INDEX(n_4,MID(TEXT(A8,n0),4,1)+1)&INDEX(n0x,MID(TEXT(A8,n0),5,1)+1,MID(TEXT(A8,n0),6,1)+1)&IF(-MID(TEXT(A8,n0),4,3),\"миллион\"&VLOOKUP(MID(TEXT(A8,n0),6,1)*AND(MID(TEXT(A8,n0),5,1)-1),мил,2),\"\")&INDEX(n_4,MID(TEXT(A8,n0),7,1)+1)&INDEX(n1x,MID(TEXT(A8,n0),8,1)+1,MID(TEXT(A8,n0),9,1)+1)&IF(-MID(TEXT(A8,n0),7,3),VLOOKUP(MID(TEXT(A8,n0),9,1)*AND(MID(TEXT(A8,n0),8,1)-1),тыс,2),\"\")&INDEX(n_4,MID(TEXT(A8,n0),10,1)+1)&INDEX(n0x,MID(TEXT(A8,n0),11,1)+1,MID(TEXT(A8,n0),12,1)+1)),\"z\",\" \")&IF(TRUNC(TEXT(A8,n0)),\"\",\"Ноль \")&\"рубл\"&VLOOKUP(MOD(MAX(MOD(MID(TEXT(A8,n0),11,2)-11,100),9),10),{0,\"ь \";1,\"я \";4,\"ей \"},2)&RIGHT(TEXT(A8,n0),2)&\" копе\"&VLOOKUP(MOD(MAX(MOD(RIGHT(TEXT(A8,n0),2)-11,100),9),10),{0,\"йка\";1,\"йки\";4,\"ек\"},2)","v":"Четыре рубля 99 копеек"}]
[5.1100000000000003,{"$f":"SUBSTITUTE(PROPER(INDEX(n_4,MID(TEXT(A9,n0),1,1)+1)&INDEX(n0x,MID(TEXT(A9,n0),2,1)+1,MID(TEXT(A9,n0),3,1)+1)&IF(-MID(TEXT(A9,n0),1,3),\"миллиард\"&VLOOKUP(MID(TEXT(A9,n0),3,1)*AND(MID(TEXT(A9,n0),2,1)-1),мил,2),\"\")&INDEX(n_4,MID(TEXT(A9,n0),4,1)+1)&INDEX(n0x,MID(TEXT(A9,n0),5,1)+1,MID(TEXT(A9,n0),6,1)+1)&IF(-MID(TEXT(A9,n0),4,3),\"миллион\"&VLOOKUP(MID(TEXT(A9,n0),6,1)*AND(MID(TEXT(A9,n0),5,1)-1),мил,2),\"\")&INDEX(n_4,MID(TEXT(A9,n0),7,1)+1)&INDEX(n1x,MID(TEXT(A9,n0),8,1)+1,MID(TEXT(A9,n0),9,1)+1)&IF(-MID(TEXT(A9,n0),7,3),VLOOKUP(MID(TEXT(A9,n0),9,1)*AND(MID(TEXT(A9,n0),8,1)-1),тыс,2),\"\")&INDEX(n_4,MID(TEXT(A9,n0),10,1)+1)&INDEX(n0x,MID(TEXT(A9,n0),11,1)+1,MID(TEXT(A9,n0),12,1)+1)),\"z\",\" \")&IF(TRUNC(TEXT(A9,n0)),\"\",\"Ноль \")&\"рубл\"&VLOOKUP(MOD(MAX(MOD(MID(TEXT(A9,n0),11,2)-11,100),9),10),{0,\"ь \";1,\"я \";4,\"ей \"},2)&RIGHT(TEXT(A9,n0),2)&\" копе\"&VLOOKUP(MOD(MAX(MOD(RIGHT(TEXT(A9,n0),2)-11,100),9),10),{0,\"йка\";1,\"йки\";4,\"ек\"},2)","v":"Пять рублей 11 копеек"}]
[10.119999999999999,{"$f":"SUBSTITUTE(PROPER(INDEX(n_4,MID(TEXT(A10,n0),1,1)+1)&INDEX(n0x,MID(TEXT(A10,n0),2,1)+1,MID(TEXT(A10,n0),3,1)+1)&IF(-MID(TEXT(A10,n0),1,3),\"миллиард\"&VLOOKUP(MID(TEXT(A10,n0),3,1)*AND(MID(TEXT(A10,n0),2,1)-1),мил,2),\"\")&INDEX(n_4,MID(TEXT(A10,n0),4,1)+1)&INDEX(n0x,MID(TEXT(A10,n0),5,1)+1,MID(TEXT(A10,n0),6,1)+1)&IF(-MID(TEXT(A10,n0),4,3),\"миллион\"&VLOOKUP(MID(TEXT(A10,n0),6,1)*AND(MID(TEXT(A10,n0),5,1)-1),мил,2),\"\")&INDEX(n_4,MID(TEXT(A10,n0),7,1)+1)&INDEX(n1x,MID(TEXT(A10,n0),8,1)+1,MID(TEXT(A10,n0),9,1)+1)&IF(-MID(TEXT(A10,n0),7,3),VLOOKUP(MID(TEXT(A10,n0),9,1)*AND(MID(TEXT(A10,n0),8,1)-1),тыс,2),\"\")&INDEX(n_4,MID(TEXT(A10,n0),10,1)+1)&INDEX(n0x,MID(TEXT(A10,n0),11,1)+1,MID(TEXT(A10,n0),12,1)+1)),\"z\",\" \")&IF(TRUNC(TEXT(A10,n0)),\"\",\"Ноль \")&\"рубл\"&VLOOKUP(MOD(MAX(MOD(MID(TEXT(A10,n0),11,2)-11,100),9),10),{0,\"ь \";1,\"я \";4,\"ей \"},2)&RIGHT(TEXT(A10,n0),2)&\" копе\"&VLOOKUP(MOD(MAX(MOD(RIGHT(TEXT(A10,n0),2)-11,100),9),10),{0,\"йка\";1,\"йки\";4,\"ек\"},2)","v":"Десять рублей 12 копеек"}]
[11.21,{"$f":"SUBSTITUTE(PROPER(INDEX(n_4,MID(TEXT(A11,n0),1,1)+1)&INDEX(n0x,MID(TEXT(A11,n0),2,1)+1,MID(TEXT(A11,n0),3,1)+1)&IF(-MID(TEXT(A11,n0),1,3),\"миллиард\"&VLOOKUP(MID(TEXT(A11,n0),3,1)*AND(MID(TEXT(A11,n0),2,1)-1),мил,2),\"\")&INDEX(n_4,MID(TEXT(A11,n0),4,1)+1)&INDEX(n0x,MID(TEXT(A11,n0),5,1)+1,MID(TEXT(A11,n0),6,1)+1)&IF(-MID(TEXT(A11,n0),4,3),\"миллион\"&VLOOKUP(MID(TEXT(A11,n0),6,1)*AND(MID(TEXT(A11,n0),5,1)-1),мил,2),\"\")&INDEX(n_4,MID(TEXT(A11,n0),7,1)+1)&INDEX(n1x,MID(TEXT(A11,n0),8,1)+1,MID(TEXT(A11,n0),9,1)+1)&IF(-MID(TEXT(A11,n0),7,3),VLOOKUP(MID(TEXT(A11,n0),9,1)*AND(MID(TEXT(A11,n0),8,1)-1),тыс,2),\"\")&INDEX(n_4,MID(TEXT(A11,n0),10,1)+1)&INDEX(n0x,MID(TEXT(A11,n0),11,1)+1,MID(TEXT(A11,n0),12,1)+1)),\"z\",\" \")&IF(TRUNC(TEXT(A11,n0)),\"\",\"Ноль \")&\"рубл\"&VLOOKUP(MOD(MAX(MOD(MID(TEXT(A11,n0),11,2)-11,100),9),10),{0,\"ь \";1,\"я \";4,\"ей \"},2)&RIGHT(TEXT(A11,n0),2)&\" копе\"&VLOOKUP(MOD(MAX(MOD(RIGHT(TEXT(A11,n0),2)-11,100),9),10),{0,\"йка\";1,\"йки\";4,\"ек\"},2)","v":"Одиннадцать рублей 21 копейка"}]
[12.43,{"$f":"SUBSTITUTE(PROPER(INDEX(n_4,MID(TEXT(A12,n0),1,1)+1)&INDEX(n0x,MID(TEXT(A12,n0),2,1)+1,MID(TEXT(A12,n0),3,1)+1)&IF(-MID(TEXT(A12,n0),1,3),\"миллиард\"&VLOOKUP(MID(TEXT(A12,n0),3,1)*AND(MID(TEXT(A12,n0),2,1)-1),мил,2),\"\")&INDEX(n_4,MID(TEXT(A12,n0),4,1)+1)&INDEX(n0x,MID(TEXT(A12,n0),5,1)+1,MID(TEXT(A12,n0),6,1)+1)&IF(-MID(TEXT(A12,n0),4,3),\"миллион\"&VLOOKUP(MID(TEXT(A12,n0),6,1)*AND(MID(TEXT(A12,n0),5,1)-1),мил,2),\"\")&INDEX(n_4,MID(TEXT(A12,n0),7,1)+1)&INDEX(n1x,MID(TEXT(A12,n0),8,1)+1,MID(TEXT(A12,n0),9,1)+1)&IF(-MID(TEXT(A12,n0),7,3),VLOOKUP(MID(TEXT(A12,n0),9,1)*AND(MID(TEXT(A12,n0),8,1)-1),тыс,2),\"\")&INDEX(n_4,MID(TEXT(A12,n0),10,1)+1)&INDEX(n0x,MID(TEXT(A12,n0),11,1)+1,MID(TEXT(A12,n0),12,1)+1)),\"z\",\" \")&IF(TRUNC(TEXT(A12,n0)),\"\",\"Ноль \")&\"рубл\"&VLOOKUP(MOD(MAX(MOD(MID(TEXT(A12,n0),11,2)-11,100),9),10),{0,\"ь \";1,\"я \";4,\"ей \"},2)&RIGHT(TEXT(A12,n0),2)&\" копе\"&VLOOKUP(MOD(MAX(MOD(RIGHT(TEXT(A12,n0),2)-11,100),9),10),{0,\"йка\";1,\"йки\";4,\"ек\"},2)","v":"Двенадцать рублей 43 копейки"}]
[21,{"$f":"SUBSTITUTE(PROPER(INDEX(n_4,MID(TEXT(A13,n0),1,1)+1)&INDEX(n0x,MID(TEXT(A13,n0),2,1)+1,MID(TEXT(A13,n0),3,1)+1)&IF(-MID(TEXT(A13,n0),1,3),\"миллиард\"&VLOOKUP(MID(TEXT(A13,n0),3,1)*AND(MID(TEXT(A13,n0),2,1)-1),мил,2),\"\")&INDEX(n_4,MID(TEXT(A13,n0),4,1)+1)&INDEX(n0x,MID(TEXT(A13,n0),5,1)+1,MID(TEXT(A13,n0),6,1)+1)&IF(-MID(TEXT(A13,n0),4,3),\"миллион\"&VLOOKUP(MID(TEXT(A13,n0),6,1)*AND(MID(TEXT(A13,n0),5,1)-1),мил,2),\"\")&INDEX(n_4,MID(TEXT(A13,n0),7,1)+1)&INDEX(n1x,MID(TEXT(A13,n0),8,1)+1,MID(TEXT(A13,n0),9,1)+1)&IF(-MID(TEXT(A13,n0),7,3),VLOOKUP(MID(TEXT(A13,n0),9,1)*AND(MID(TEXT(A13,n0),8,1)-1),тыс,2),\"\")&INDEX(n_4,MID(TEXT(A13,n0),10,1)+1)&INDEX(n0x,MID(TEXT(A13,n0),11,1)+1,MID(TEXT(A13,n0),12,1)+1)),\"z\",\" \")&IF(TRUNC(TEXT(A13,n0)),\"\",\"Ноль \")&\"рубл\"&VLOOKUP(MOD(MAX(MOD(MID(TEXT(A13,n0),11,2)-11,100),9),10),{0,\"ь \";1,\"я \";4,\"ей \"},2)&RIGHT(TEXT(A13,n0),2)&\" копе\"&VLOOKUP(MOD(MAX(MOD(RIGHT(TEXT(A13,n0),2)-11,100),9),10),{0,\"йка\";1,\"йки\";4,\"ек\"},2)","v":"Двадцать один рубль 00 копеек"}]
[100,{"$f":"SUBSTITUTE(PROPER(INDEX(n_4,MID(TEXT(A14,n0),1,1)+1)&INDEX(n0x,MID(TEXT(A14,n0),2,1)+1,MID(TEXT(A14,n0),3,1)+1)&IF(-MID(TEXT(A14,n0),1,3),\"миллиард\"&VLOOKUP(MID(TEXT(A14,n0),3,1)*AND(MID(TEXT(A14,n0),2,1)-1),мил,2),\"\")&INDEX(n_4,MID(TEXT(A14,n0),4,1)+1)&INDEX(n0x,MID(TEXT(A14,n0),5,1)+1,MID(TEXT(A14,n0),6,1)+1)&IF(-MID(TEXT(A14,n0),4,3),\"миллион\"&VLOOKUP(MID(TEXT(A14,n0),6,1)*AND(MID(TEXT(A14,n0),5,1)-1),мил,2),\"\")&INDEX(n_4,MID(TEXT(A14,n0),7,1)+1)&INDEX(n1x,MID(TEXT(A14,n0),8,1)+1,MID(TEXT(A14,n0),9,1)+1)&IF(-MID(TEXT(A14,n0),7,3),VLOOKUP(MID(TEXT(A14,n0),9,1)*AND(MID(TEXT(A14,n0),8,1)-1),тыс,2),\"\")&INDEX(n_4,MID(TEXT(A14,n0),10,1)+1)&INDEX(n0x,MID(TEXT(A14,n0),11,1)+1,MID(TEXT(A14,n0),12,1)+1)),\"z\",\" \")&IF(TRUNC(TEXT(A14,n0)),\"\",\"Ноль \")&\"рубл\"&VLOOKUP(MOD(MAX(MOD(MID(TEXT(A14,n0),11,2)-11,100),9),10),{0,\"ь \";1,\"я \";4,\"ей \"},2)&RIGHT(TEXT(A14,n0),2)&\" копе\"&VLOOKUP(MOD(MAX(MOD(RIGHT(TEXT(A14,n0),2)-11,100),9),10),{0,\"йка\";1,\"йки\";4,\"ек\"},2)","v":"Сто рублей 00 копеек"}]
[101.2,{"$f":"SUBSTITUTE(PROPER(INDEX(n_4,MID(TEXT(A15,n0),1,1)+1)&INDEX(n0x,MID(TEXT(A15,n0),2,1)+1,MID(TEXT(A15,n0),3,1)+1)&IF(-MID(TEXT(A15,n0),1,3),\"миллиард\"&VLOOKUP(MID(TEXT(A15,n0),3,1)*AND(MID(TEXT(A15,n0),2,1)-1),мил,2),\"\")&INDEX(n_4,MID(TEXT(A15,n0),4,1)+1)&INDEX(n0x,MID(TEXT(A15,n0),5,1)+1,MID(TEXT(A15,n0),6,1)+1)&IF(-MID(TEXT(A15,n0),4,3),\"миллион\"&VLOOKUP(MID(TEXT(A15,n0),6,1)*AND(MID(TEXT(A15,n0),5,1)-1),мил,2),\"\")&INDEX(n_4,MID(TEXT(A15,n0),7,1)+1)&INDEX(n1x,MID(TEXT(A15,n0),8,1)+1,MID(TEXT(A15,n0),9,1)+1)&IF(-MID(TEXT(A15,n0),7,3),VLOOKUP(MID(TEXT(A15,n0),9,1)*AND(MID(TEXT(A15,n0),8,1)-1),тыс,2),\"\")&INDEX(n_4,MID(TEXT(A15,n0),10,1)+1)&INDEX(n0x,MID(TEXT(A15,n0),11,1)+1,MID(TEXT(A15,n0),12,1)+1)),\"z\",\" \")&IF(TRUNC(TEXT(A15,n0)),\"\",\"Ноль \")&\"рубл\"&VLOOKUP(MOD(MAX(MOD(MID(TEXT(A15,n0),11,2)-11,100),9),10),{0,\"ь \";1,\"я \";4,\"ей \"},2)&RIGHT(TEXT(A15,n0),2)&\" копе\"&VLOOKUP(MOD(MAX(MOD(RIGHT(TEXT(A15,n0),2)-11,100),9),10),{0,\"йка\";1,\"йки\";4,\"ек\"},2)","v":"Сто один рубль 20 копеек"}]
[121.22,{"$f":"SUBSTITUTE(PROPER(INDEX(n_4,MID(TEXT(A16,n0),1,1)+1)&INDEX(n0x,MID(TEXT(A16,n0),2,1)+1,MID(TEXT(A16,n0),3,1)+1)&IF(-MID(TEXT(A16,n0),1,3),\"миллиард\"&VLOOKUP(MID(TEXT(A16,n0),3,1)*AND(MID(TEXT(A16,n0),2,1)-1),мил,2),\"\")&INDEX(n_4,MID(TEXT(A16,n0),4,1)+1)&INDEX(n0x,MID(TEXT(A16,n0),5,1)+1,MID(TEXT(A16,n0),6,1)+1)&IF(-MID(TEXT(A16,n0),4,3),\"миллион\"&VLOOKUP(MID(TEXT(A16,n0),6,1)*AND(MID(TEXT(A16,n0),5,1)-1),мил,2),\"\")&INDEX(n_4,MID(TEXT(A16,n0),7,1)+1)&INDEX(n1x,MID(TEXT(A16,n0),8,1)+1,MID(TEXT(A16,n0),9,1)+1)&IF(-MID(TEXT(A16,n0),7,3),VLOOKUP(MID(TEXT(A16,n0),9,1)*AND(MID(TEXT(A16,n0),8,1)-1),тыс,2),\"\")&INDEX(n_4,MID(TEXT(A16,n0),10,1)+1)&INDEX(n0x,MID(TEXT(A16,n0),11,1)+1,MID(TEXT(A16,n0),12,1)+1)),\"z\",\" \")&IF(TRUNC(TEXT(A16,n0)),\"\",\"Ноль \")&\"рубл\"&VLOOKUP(MOD(MAX(MOD(MID(TEXT(A16,n0),11,2)-11,100),9),10),{0,\"ь \";1,\"я \";4,\"ей \"},2)&RIGHT(TEXT(A16,n0),2)&\" копе\"&VLOOKUP(MOD(MAX(MOD(RIGHT(TEXT(A16,n0),2)-11,100),9),10),{0,\"йка\";1,\"йки\";4,\"ек\"},2)","v":"Сто двадцать один рубль 22 копейки"}]
[1000.16,{"$f":"SUBSTITUTE(PROPER(INDEX(n_4,MID(TEXT(A17,n0),1,1)+1)&INDEX(n0x,MID(TEXT(A17,n0),2,1)+1,MID(TEXT(A17,n0),3,1)+1)&IF(-MID(TEXT(A17,n0),1,3),\"миллиард\"&VLOOKUP(MID(TEXT(A17,n0),3,1)*AND(MID(TEXT(A17,n0),2,1)-1),мил,2),\"\")&INDEX(n_4,MID(TEXT(A17,n0),4,1)+1)&INDEX(n0x,MID(TEXT(A17,n0),5,1)+1,MID(TEXT(A17,n0),6,1)+1)&IF(-MID(TEXT(A17,n0),4,3),\"миллион\"&VLOOKUP(MID(TEXT(A17,n0),6,1)*AND(MID(TEXT(A17,n0),5,1)-1),мил,2),\"\")&INDEX(n_4,MID(TEXT(A17,n0),7,1)+1)&INDEX(n1x,MID(TEXT(A17,n0),8,1)+1,MID(TEXT(A17,n0),9,1)+1)&IF(-MID(TEXT(A17,n0),7,3),VLOOKUP(MID(TEXT(A17,n0),9,1)*AND(MID(TEXT(A17,n0),8,1)-1),тыс,2),\"\")&INDEX(n_4,MID(TEXT(A17,n0),10,1)+1)&INDEX(n0x,MID(TEXT(A17,n0),11,1)+1,MID(TEXT(A17,n0),12,1)+1)),\"z\",\" \")&IF(TRUNC(TEXT(A17,n0)),\"\",\"Ноль \")&\"рубл\"&VLOOKUP(MOD(MAX(MOD(MID(TEXT(A17,n0),11,2)-11,100),9),10),{0,\"ь \";1,\"я \";4,\"ей \"},2)&RIGHT(TEXT(A17,n0),2)&\" копе\"&VLOOKUP(MOD(MAX(MOD(RIGHT(TEXT(A17,n0),2)-11,100),9),10),{0,\"йка\";1,\"йки\";4,\"ек\"},2)","v":"Одна тысяча рублей 16 копеек"}]
[1002.51,{"$f":"SUBSTITUTE(PROPER(INDEX(n_4,MID(TEXT(A18,n0),1,1)+1)&INDEX(n0x,MID(TEXT(A18,n0),2,1)+1,MID(TEXT(A18,n0),3,1)+1)&IF(-MID(TEXT(A18,n0),1,3),\"миллиард\"&VLOOKUP(MID(TEXT(A18,n0),3,1)*AND(MID(TEXT(A18,n0),2,1)-1),мил,2),\"\")&INDEX(n_4,MID(TEXT(A18,n0),4,1)+1)&INDEX(n0x,MID(TEXT(A18,n0),5,1)+1,MID(TEXT(A18,n0),6,1)+1)&IF(-MID(TEXT(A18,n0),4,3),\"миллион\"&VLOOKUP(MID(TEXT(A18,n0),6,1)*AND(MID(TEXT(A18,n0),5,1)-1),мил,2),\"\")&INDEX(n_4,MID(TEXT(A18,n0),7,1)+1)&INDEX(n1x,MID(TEXT(A18,n0),8,1)+1,MID(TEXT(A18,n0),9,1)+1)&IF(-MID(TEXT(A18,n0),7,3),VLOOKUP(MID(TEXT(A18,n0),9,1)*AND(MID(TEXT(A18,n0),8,1)-1),тыс,2),\"\")&INDEX(n_4,MID(TEXT(A18,n0),10,1)+1)&INDEX(n0x,MID(TEXT(A18,n0),11,1)+1,MID(TEXT(A18,n0),12,1)+1)),\"z\",\" \")&IF(TRUNC(TEXT(A18,n0)),\"\",\"Ноль \")&\"рубл\"&VLOOKUP(MOD(MAX(MOD(MID(TEXT(A18,n0),11,2)-11,100),9),10),{0,\"ь \";1,\"я \";4,\"ей \"},2)&RIGHT(TEXT(A18,n0),2)&\" копе\"&VLOOKUP(MOD(MAX(MOD(RIGHT(TEXT(A18,n0),2)-11,100),9),10),{0,\"йка\";1,\"йки\";4,\"ек\"},2)","v":"Одна тысяча два рубля 51 копейка"}]
[120101.1,{"$f":"SUBSTITUTE(PROPER(INDEX(n_4,MID(TEXT(A19,n0),1,1)+1)&INDEX(n0x,MID(TEXT(A19,n0),2,1)+1,MID(TEXT(A19,n0),3,1)+1)&IF(-MID(TEXT(A19,n0),1,3),\"миллиард\"&VLOOKUP(MID(TEXT(A19,n0),3,1)*AND(MID(TEXT(A19,n0),2,1)-1),мил,2),\"\")&INDEX(n_4,MID(TEXT(A19,n0),4,1)+1)&INDEX(n0x,MID(TEXT(A19,n0),5,1)+1,MID(TEXT(A19,n0),6,1)+1)&IF(-MID(TEXT(A19,n0),4,3),\"миллион\"&VLOOKUP(MID(TEXT(A19,n0),6,1)*AND(MID(TEXT(A19,n0),5,1)-1),мил,2),\"\")&INDEX(n_4,MID(TEXT(A19,n0),7,1)+1)&INDEX(n1x,MID(TEXT(A19,n0),8,1)+1,MID(TEXT(A19,n0),9,1)+1)&IF(-MID(TEXT(A19,n0),7,3),VLOOKUP(MID(TEXT(A19,n0),9,1)*AND(MID(TEXT(A19,n0),8,1)-1),тыс,2),\"\")&INDEX(n_4,MID(TEXT(A19,n0),10,1)+1)&INDEX(n0x,MID(TEXT(A19,n0),11,1)+1,MID(TEXT(A19,n0),12,1)+1)),\"z\",\" \")&IF(TRUNC(TEXT(A19,n0)),\"\",\"Ноль \")&\"рубл\"&VLOOKUP(MOD(MAX(MOD(MID(TEXT(A19,n0),11,2)-11,100),9),10),{0,\"ь \";1,\"я \";4,\"ей \"},2)&RIGHT(TEXT(A19,n0),2)&\" копе\"&VLOOKUP(MOD(MAX(MOD(RIGHT(TEXT(A19,n0),2)-11,100),9),10),{0,\"йка\";1,\"йки\";4,\"ек\"},2)","v":"Сто двадцать тысяч сто один рубль 10 копеек"}]
[2000000,{"$f":"SUBSTITUTE(PROPER(INDEX(n_4,MID(TEXT(A20,n0),1,1)+1)&INDEX(n0x,MID(TEXT(A20,n0),2,1)+1,MID(TEXT(A20,n0),3,1)+1)&IF(-MID(TEXT(A20,n0),1,3),\"миллиард\"&VLOOKUP(MID(TEXT(A20,n0),3,1)*AND(MID(TEXT(A20,n0),2,1)-1),мил,2),\"\")&INDEX(n_4,MID(TEXT(A20,n0),4,1)+1)&INDEX(n0x,MID(TEXT(A20,n0),5,1)+1,MID(TEXT(A20,n0),6,1)+1)&IF(-MID(TEXT(A20,n0),4,3),\"миллион\"&VLOOKUP(MID(TEXT(A20,n0),6,1)*AND(MID(TEXT(A20,n0),5,1)-1),мил,2),\"\")&INDEX(n_4,MID(TEXT(A20,n0),7,1)+1)&INDEX(n1x,MID(TEXT(A20,n0),8,1)+1,MID(TEXT(A20,n0),9,1)+1)&IF(-MID(TEXT(A20,n0),7,3),VLOOKUP(MID(TEXT(A20,n0),9,1)*AND(MID(TEXT(A20,n0),8,1)-1),тыс,2),\"\")&INDEX(n_4,MID(TEXT(A20,n0),10,1)+1)&INDEX(n0x,MID(TEXT(A20,n0),11,1)+1,MID(TEXT(A20,n0),12,1)+1)),\"z\",\" \")&IF(TRUNC(TEXT(A20,n0)),\"\",\"Ноль \")&\"рубл\"&VLOOKUP(MOD(MAX(MOD(MID(TEXT(A20,n0),11,2)-11,100),9),10),{0,\"ь \";1,\"я \";4,\"ей \"},2)&RIGHT(TEXT(A20,n0),2)&\" копе\"&VLOOKUP(MOD(MAX(MOD(RIGHT(TEXT(A20,n0),2)-11,100),9),10),{0,\"йка\";1,\"йки\";4,\"ек\"},2)","v":"Два миллиона рублей 00 копеек"}]
[11102345.23,{"$f":"SUBSTITUTE(PROPER(INDEX(n_4,MID(TEXT(A21,n0),1,1)+1)&INDEX(n0x,MID(TEXT(A21,n0),2,1)+1,MID(TEXT(A21,n0),3,1)+1)&IF(-MID(TEXT(A21,n0),1,3),\"миллиард\"&VLOOKUP(MID(TEXT(A21,n0),3,1)*AND(MID(TEXT(A21,n0),2,1)-1),мил,2),\"\")&INDEX(n_4,MID(TEXT(A21,n0),4,1)+1)&INDEX(n0x,MID(TEXT(A21,n0),5,1)+1,MID(TEXT(A21,n0),6,1)+1)&IF(-MID(TEXT(A21,n0),4,3),\"миллион\"&VLOOKUP(MID(TEXT(A21,n0),6,1)*AND(MID(TEXT(A21,n0),5,1)-1),мил,2),\"\")&INDEX(n_4,MID(TEXT(A21,n0),7,1)+1)&INDEX(n1x,MID(TEXT(A21,n0),8,1)+1,MID(TEXT(A21,n0),9,1)+1)&IF(-MID(TEXT(A21,n0),7,3),VLOOKUP(MID(TEXT(A21,n0),9,1)*AND(MID(TEXT(A21,n0),8,1)-1),тыс,2),\"\")&INDEX(n_4,MID(TEXT(A21,n0),10,1)+1)&INDEX(n0x,MID(TEXT(A21,n0),11,1)+1,MID(TEXT(A21,n0),12,1)+1)),\"z\",\" \")&IF(TRUNC(TEXT(A21,n0)),\"\",\"Ноль \")&\"рубл\"&VLOOKUP(MOD(MAX(MOD(MID(TEXT(A21,n0),11,2)-11,100),9),10),{0,\"ь \";1,\"я \";4,\"ей \"},2)&RIGHT(TEXT(A21,n0),2)&\" копе\"&VLOOKUP(MOD(MAX(MOD(RIGHT(TEXT(A21,n0),2)-11,100),9),10),{0,\"йка\";1,\"йки\";4,\"ек\"},2)","v":"Одиннадцать миллионов сто две тысячи триста сорок пять рублей 23 копейки"}]
[123456789.31999999,{"$f":"SUBSTITUTE(PROPER(INDEX(n_4,MID(TEXT(A22,n0),1,1)+1)&INDEX(n0x,MID(TEXT(A22,n0),2,1)+1,MID(TEXT(A22,n0),3,1)+1)&IF(-MID(TEXT(A22,n0),1,3),\"миллиард\"&VLOOKUP(MID(TEXT(A22,n0),3,1)*AND(MID(TEXT(A22,n0),2,1)-1),мил,2),\"\")&INDEX(n_4,MID(TEXT(A22,n0),4,1)+1)&INDEX(n0x,MID(TEXT(A22,n0),5,1)+1,MID(TEXT(A22,n0),6,1)+1)&IF(-MID(TEXT(A22,n0),4,3),\"миллион\"&VLOOKUP(MID(TEXT(A22,n0),6,1)*AND(MID(TEXT(A22,n0),5,1)-1),мил,2),\"\")&INDEX(n_4,MID(TEXT(A22,n0),7,1)+1)&INDEX(n1x,MID(TEXT(A22,n0),8,1)+1,MID(TEXT(A22,n0),9,1)+1)&IF(-MID(TEXT(A22,n0),7,3),VLOOKUP(MID(TEXT(A22,n0),9,1)*AND(MID(TEXT(A22,n0),8,1)-1),тыс,2),\"\")&INDEX(n_4,MID(TEXT(A22,n0),10,1)+1)&INDEX(n0x,MID(TEXT(A22,n0),11,1)+1,MID(TEXT(A22,n0),12,1)+1)),\"z\",\" \")&IF(TRUNC(TEXT(A22,n0)),\"\",\"Ноль \")&\"рубл\"&VLOOKUP(MOD(MAX(MOD(MID(TEXT(A22,n0),11,2)-11,100),9),10),{0,\"ь \";1,\"я \";4,\"ей \"},2)&RIGHT(TEXT(A22,n0),2)&\" копе\"&VLOOKUP(MOD(MAX(MOD(RIGHT(TEXT(A22,n0),2)-11,100),9),10),{0,\"йка\";1,\"йки\";4,\"ек\"},2)","v":"Сто двадцать три миллиона четыреста пятьдесят шесть тысяч семьсот восемьдесят девять рублей 32 копейки"}]
[]
["Случайные числа:"]
[{"$f":"ROUND((RAND()*1000000),2)","v":903164.69},{"$f":"SUBSTITUTE(PROPER(INDEX(n_4,MID(TEXT(A25,n0),1,1)+1)&INDEX(n0x,MID(TEXT(A25,n0),2,1)+1,MID(TEXT(A25,n0),3,1)+1)&IF(-MID(TEXT(A25,n0),1,3),\"миллиард\"&VLOOKUP(MID(TEXT(A25,n0),3,1)*AND(MID(TEXT(A25,n0),2,1)-1),мил,2),\"\")&INDEX(n_4,MID(TEXT(A25,n0),4,1)+1)&INDEX(n0x,MID(TEXT(A25,n0),5,1)+1,MID(TEXT(A25,n0),6,1)+1)&IF(-MID(TEXT(A25,n0),4,3),\"миллион\"&VLOOKUP(MID(TEXT(A25,n0),6,1)*AND(MID(TEXT(A25,n0),5,1)-1),мил,2),\"\")&INDEX(n_4,MID(TEXT(A25,n0),7,1)+1)&INDEX(n1x,MID(TEXT(A25,n0),8,1)+1,MID(TEXT(A25,n0),9,1)+1)&IF(-MID(TEXT(A25,n0),7,3),VLOOKUP(MID(TEXT(A25,n0),9,1)*AND(MID(TEXT(A25,n0),8,1)-1),тыс,2),\"\")&INDEX(n_4,MID(TEXT(A25,n0),10,1)+1)&INDEX(n0x,MID(TEXT(A25,n0),11,1)+1,MID(TEXT(A25,n0),12,1)+1)),\"z\",\" \")&IF(TRUNC(TEXT(A25,n0)),\"\",\"Ноль \")&\"рубл\"&VLOOKUP(MOD(MAX(MOD(MID(TEXT(A25,n0),11,2)-11,100),9),10),{0,\"ь \";1,\"я \";4,\"ей \"},2)&RIGHT(TEXT(A25,n0),2)&\" копе\"&VLOOKUP(MOD(MAX(MOD(RIGHT(TEXT(A25,n0),2)-11,100),9),10),{0,\"йка\";1,\"йки\";4,\"ек\"},2)","v":"Девятьсот три тысячи сто шестьдесят четыре рубля 69 копеек"}]
[{"$f":"ROUND((RAND()*10000000),2)","v":7713689.75},{"$f":"SUBSTITUTE(PROPER(INDEX(n_4,MID(TEXT(A26,n0),1,1)+1)&INDEX(n0x,MID(TEXT(A26,n0),2,1)+1,MID(TEXT(A26,n0),3,1)+1)&IF(-MID(TEXT(A26,n0),1,3),\"миллиард\"&VLOOKUP(MID(TEXT(A26,n0),3,1)*AND(MID(TEXT(A26,n0),2,1)-1),мил,2),\"\")&INDEX(n_4,MID(TEXT(A26,n0),4,1)+1)&INDEX(n0x,MID(TEXT(A26,n0),5,1)+1,MID(TEXT(A26,n0),6,1)+1)&IF(-MID(TEXT(A26,n0),4,3),\"миллион\"&VLOOKUP(MID(TEXT(A26,n0),6,1)*AND(MID(TEXT(A26,n0),5,1)-1),мил,2),\"\")&INDEX(n_4,MID(TEXT(A26,n0),7,1)+1)&INDEX(n1x,MID(TEXT(A26,n0),8,1)+1,MID(TEXT(A26,n0),9,1)+1)&IF(-MID(TEXT(A26,n0),7,3),VLOOKUP(MID(TEXT(A26,n0),9,1)*AND(MID(TEXT(A26,n0),8,1)-1),тыс,2),\"\")&INDEX(n_4,MID(TEXT(A26,n0),10,1)+1)&INDEX(n0x,MID(TEXT(A26,n0),11,1)+1,MID(TEXT(A26,n0),12,1)+1)),\"z\",\" \")&IF(TRUNC(TEXT(A26,n0)),\"\",\"Ноль \")&\"рубл\"&VLOOKUP(MOD(MAX(MOD(MID(TEXT(A26,n0),11,2)-11,100),9),10),{0,\"ь \";1,\"я \";4,\"ей \"},2)&RIGHT(TEXT(A26,n0),2)&\" копе\"&VLOOKUP(MOD(MAX(MOD(RIGHT(TEXT(A26,n0),2)-11,100),9),10),{0,\"йка\";1,\"йки\";4,\"ек\"},2)","v":"Семь миллионов семьсот тринадцать тысяч шестьсот восемьдесят девять рублей 75 копеек"}]
[{"$f":"ROUND((RAND()*100000000),2)","v":46098763.100000001},{"$f":"SUBSTITUTE(PROPER(INDEX(n_4,MID(TEXT(A27,n0),1,1)+1)&INDEX(n0x,MID(TEXT(A27,n0),2,1)+1,MID(TEXT(A27,n0),3,1)+1)&IF(-MID(TEXT(A27,n0),1,3),\"миллиард\"&VLOOKUP(MID(TEXT(A27,n0),3,1)*AND(MID(TEXT(A27,n0),2,1)-1),мил,2),\"\")&INDEX(n_4,MID(TEXT(A27,n0),4,1)+1)&INDEX(n0x,MID(TEXT(A27,n0),5,1)+1,MID(TEXT(A27,n0),6,1)+1)&IF(-MID(TEXT(A27,n0),4,3),\"миллион\"&VLOOKUP(MID(TEXT(A27,n0),6,1)*AND(MID(TEXT(A27,n0),5,1)-1),мил,2),\"\")&INDEX(n_4,MID(TEXT(A27,n0),7,1)+1)&INDEX(n1x,MID(TEXT(A27,n0),8,1)+1,MID(TEXT(A27,n0),9,1)+1)&IF(-MID(TEXT(A27,n0),7,3),VLOOKUP(MID(TEXT(A27,n0),9,1)*AND(MID(TEXT(A27,n0),8,1)-1),тыс,2),\"\")&INDEX(n_4,MID(TEXT(A27,n0),10,1)+1)&INDEX(n0x,MID(TEXT(A27,n0),11,1)+1,MID(TEXT(A27,n0),12,1)+1)),\"z\",\" \")&IF(TRUNC(TEXT(A27,n0)),\"\",\"Ноль \")&\"рубл\"&VLOOKUP(MOD(MAX(MOD(MID(TEXT(A27,n0),11,2)-11,100),9),10),{0,\"ь \";1,\"я \";4,\"ей \"},2)&RIGHT(TEXT(A27,n0),2)&\" копе\"&VLOOKUP(MOD(MAX(MOD(RIGHT(TEXT(A27,n0),2)-11,100),9),10),{0,\"йка\";1,\"йки\";4,\"ек\"},2)","v":"Сорок шесть миллионов девяносто восемь тысяч семьсот шестьдесят три рубля 10 копеек"}]
[{"$f":"ROUND((RAND()*1000000000),2)","v":222078521.72999999},{"$f":"SUBSTITUTE(PROPER(INDEX(n_4,MID(TEXT(A28,n0),1,1)+1)&INDEX(n0x,MID(TEXT(A28,n0),2,1)+1,MID(TEXT(A28,n0),3,1)+1)&IF(-MID(TEXT(A28,n0),1,3),\"миллиард\"&VLOOKUP(MID(TEXT(A28,n0),3,1)*AND(MID(TEXT(A28,n0),2,1)-1),мил,2),\"\")&INDEX(n_4,MID(TEXT(A28,n0),4,1)+1)&INDEX(n0x,MID(TEXT(A28,n0),5,1)+1,MID(TEXT(A28,n0),6,1)+1)&IF(-MID(TEXT(A28,n0),4,3),\"миллион\"&VLOOKUP(MID(TEXT(A28,n0),6,1)*AND(MID(TEXT(A28,n0),5,1)-1),мил,2),\"\")&INDEX(n_4,MID(TEXT(A28,n0),7,1)+1)&INDEX(n1x,MID(TEXT(A28,n0),8,1)+1,MID(TEXT(A28,n0),9,1)+1)&IF(-MID(TEXT(A28,n0),7,3),VLOOKUP(MID(TEXT(A28,n0),9,1)*AND(MID(TEXT(A28,n0),8,1)-1),тыс,2),\"\")&INDEX(n_4,MID(TEXT(A28,n0),10,1)+1)&INDEX(n0x,MID(TEXT(A28,n0),11,1)+1,MID(TEXT(A28,n0),12,1)+1)),\"z\",\" \")&IF(TRUNC(TEXT(A28,n0)),\"\",\"Ноль \")&\"рубл\"&VLOOKUP(MOD(MAX(MOD(MID(TEXT(A28,n0),11,2)-11,100),9),10),{0,\"ь \";1,\"я \";4,\"ей \"},2)&RIGHT(TEXT(A28,n0),2)&\" копе\"&VLOOKUP(MOD(MAX(MOD(RIGHT(TEXT(A28,n0),2)-11,100),9),10),{0,\"йка\";1,\"йки\";4,\"ек\"},2)","v":"Двести двадцать два миллиона семьдесят восемь тысяч пятьсот двадцать один рубль 73 копейки"}]
[{"$f":"ROUND((RAND()*1000000000000),2)","v":903077585209.90002},{"$f":"SUBSTITUTE(PROPER(INDEX(n_4,MID(TEXT(A29,n0),1,1)+1)&INDEX(n0x,MID(TEXT(A29,n0),2,1)+1,MID(TEXT(A29,n0),3,1)+1)&IF(-MID(TEXT(A29,n0),1,3),\"миллиард\"&VLOOKUP(MID(TEXT(A29,n0),3,1)*AND(MID(TEXT(A29,n0),2,1)-1),мил,2),\"\")&INDEX(n_4,MID(TEXT(A29,n0),4,1)+1)&INDEX(n0x,MID(TEXT(A29,n0),5,1)+1,MID(TEXT(A29,n0),6,1)+1)&IF(-MID(TEXT(A29,n0),4,3),\"миллион\"&VLOOKUP(MID(TEXT(A29,n0),6,1)*AND(MID(TEXT(A29,n0),5,1)-1),мил,2),\"\")&INDEX(n_4,MID(TEXT(A29,n0),7,1)+1)&INDEX(n1x,MID(TEXT(A29,n0),8,1)+1,MID(TEXT(A29,n0),9,1)+1)&IF(-MID(TEXT(A29,n0),7,3),VLOOKUP(MID(TEXT(A29,n0),9,1)*AND(MID(TEXT(A29,n0),8,1)-1),тыс,2),\"\")&INDEX(n_4,MID(TEXT(A29,n0),10,1)+1)&INDEX(n0x,MID(TEXT(A29,n0),11,1)+1,MID(TEXT(A29,n0),12,1)+1)),\"z\",\" \")&IF(TRUNC(TEXT(A29,n0)),\"\",\"Ноль \")&\"рубл\"&VLOOKUP(MOD(MAX(MOD(MID(TEXT(A29,n0),11,2)-11,100),9),10),{0,\"ь \";1,\"я \";4,\"ей \"},2)&RIGHT(TEXT(A29,n0),2)&\" копе\"&VLOOKUP(MOD(MAX(MOD(RIGHT(TEXT(A29,n0),2)-11,100),9),10),{0,\"йка\";1,\"йки\";4,\"ек\"},2)","v":"Девятьсот три миллиарда семьдесят семь миллионов пятьсот восемьдесят пять тысяч двести девять рублей 90 копеек"}]
[]
["Формула РУС:","=ПОДСТАВИТЬ(ПРОПНАЧ(ИНДЕКС(n_4;ПСТР(ТЕКСТ(A1;n0);1;1)+1)&ИНДЕКС(n0x;ПСТР(ТЕКСТ(A1;n0);2;1)+1;ПСТР(ТЕКСТ(A1;n0);3;1)+1)&ЕСЛИ(-ПСТР(ТЕКСТ(A1;n0);1;3);\"миллиард\"&ВПР(ПСТР(ТЕКСТ(A1;n0);3;1)*И(ПСТР(ТЕКСТ(A1;n0);2;1)-1);мил;2);\"\")&ИНДЕКС(n_4;ПСТР(ТЕКСТ(A1;n0);4;1)+1)&ИНДЕКС(n0x;ПСТР(ТЕКСТ(A1;n0);5;1)+1;ПСТР(ТЕКСТ(A1;n0);6;1)+1)&ЕСЛИ(-ПСТР(ТЕКСТ(A1;n0);4;3);\"миллион\"&ВПР(ПСТР(ТЕКСТ(A1;n0);6;1)*И(ПСТР(ТЕКСТ(A1;n0);5;1)-1);мил;2);\"\")&ИНДЕКС(n_4;ПСТР(ТЕКСТ(A1;n0);7;1)+1)&ИНДЕКС(n1x;ПСТР(ТЕКСТ(A1;n0);8;1)+1;ПСТР(ТЕКСТ(A1;n0);9;1)+1)&ЕСЛИ(-ПСТР(ТЕКСТ(A1;n0);7;3);ВПР(ПСТР(ТЕКСТ(A1;n0);9;1)*И(ПСТР(ТЕКСТ(A1;n0);8;1)-1);тыс;2);\"\")&ИНДЕКС(n_4;ПСТР(ТЕКСТ(A1;n0);10;1)+1)&ИНДЕКС(n0x;ПСТР(ТЕКСТ(A1;n0);11;1)+1;ПСТР(ТЕКСТ(A1;n0);12;1)+1));\"z\";\" \")&ЕСЛИ(ОТБР(ТЕКСТ(A1;n0));\"\";\"Ноль \")&\"рубл\"&ВПР(ОСТАТ(МАКС(ОСТАТ(ПСТР(ТЕКСТ(A1;n0);11;2)-11;100);9);10);{0;\"ь \":1;\"я \":4;\"ей \"};2)&ПРАВСИМВ(ТЕКСТ(A1;n0);2)&\" копе\"&ВПР(ОСТАТ(МАКС(ОСТАТ(ПРАВСИМВ(ТЕКСТ(A1;n0);2)-11;100);9);10);{0;\"йка\":1;\"йки\":4;\"ек\"};2)"]
["Длина:",{"$f":"LEN(B31)","v":986}]
["Формула ENG:","=SUBSTITUTE(PROPER(INDEX(n_4,MID(TEXT(A1,n0),1,1)+1)&INDEX(n0x,MID(TEXT(A1,n0),2,1)+1,MID(TEXT(A1,n0),3,1)+1)&IF(-MID(TEXT(A1,n0),1,3),\"миллиард\"&VLOOKUP(MID(TEXT(A1,n0),3,1)*AND(MID(TEXT(A1,n0),2,1)-1),мил,2),\"\")&INDEX(n_4,MID(TEXT(A1,n0),4,1)+1)&INDEX(n0x,MID(TEXT(A1,n0),5,1)+1,MID(TEXT(A1,n0),6,1)+1)&IF(-MID(TEXT(A1,n0),4,3),\"миллион\"&VLOOKUP(MID(TEXT(A1,n0),6,1)*AND(MID(TEXT(A1,n0),5,1)-1),мил,2),\"\")&INDEX(n_4,MID(TEXT(A1,n0),7,1)+1)&INDEX(n1x,MID(TEXT(A1,n0),8,1)+1,MID(TEXT(A1,n0),9,1)+1)&IF(-MID(TEXT(A1,n0),7,3),VLOOKUP(MID(TEXT(A1,n0),9,1)*AND(MID(TEXT(A1,n0),8,1)-1),тыс,2),\"\")&INDEX(n_4,MID(TEXT(A1,n0),10,1)+1)&INDEX(n0x,MID(TEXT(A1,n0),11,1)+1,MID(TEXT(A1,n0),12,1)+1)),\"z\",\" \")&IF(TRUNC(TEXT(A1,n0)),\"\",\"Ноль \")&\"рубл\"&VLOOKUP(MOD(MAX(MOD(MID(TEXT(A1,n0),11,2)-11,100),9),10),{0,\"ь \";1,\"я \";4,\"ей \"},2)&RIGHT(TEXT(A1,n0),2)&\" копе\"&VLOOKUP(MOD(MAX(MOD(RIGHT(TEXT(A1,n0),2)-11,100),9),10),{0,\"йка\";1,\"йки\";4,\"ек\"},2)"]
["Длина:",{"$f":"LEN(B33)","v":933}]
[]
["Имена:","n_1","={\"\";\"одинz\";\"дваz\";\"триz\";\"четыреz\";\"пятьz\";\"шестьz\";\"семьz\";\"восемьz\";\"девятьz\"}"]
[null,"n_2","={\"десятьz\";\"одиннадцатьz\";\"двенадцатьz\";\"тринадцатьz\";\"четырнадцатьz\";\"пятнадцатьz\";\"шестнадцатьz\";\"семнадцатьz\";\"восемнадцатьz\";\"девятнадцатьz\"}"]
[null,"n_3","={\"\":1:\"двадцатьz\":\"тридцатьz\":\"сорокz\":\"пятьдесятz\":\"шестьдесятz\":\"семьдесятz\":\"восемьдесятz\":\"девяностоz\"}"]
[null,"n_4","={\"\";\"стоz\";\"двестиz\";\"тристаz\";\"четырестаz\";\"пятьсотz\";\"шестьсотz\";\"семьсотz\";\"восемьсотz\";\"девятьсотz\"}"]
[null,"n_5","={\"\";\"однаz\";\"двеz\";\"триz\";\"четыреz\";\"пятьz\";\"шестьz\";\"семьz\";\"восемьz\";\"девятьz\"}"]
[null,"n0","=\"000000000000\"&ПСТР(1/2;2;1)&\"00\""]
[null,"n0x","=ЕСЛИ(n_3=1;n_2;n_3&n_1)"]
[null,"n1x","=ЕСЛИ(n_3=1;n_2;n_3&n_5)"]
[null,"мил","={0;\"овz\":1;\"z\":2;\"аz\":5;\"овz\"}"]
[null,"тыс","={0;\"тысячz\":1;\"тысячаz\":2;\"тысячиz\":5;\"тысячz\"}"]
[]
[]
[]
[{"$f":"Расходная!J62","v":21076.91},{"$f":"SUBSTITUTE(PROPER(INDEX(n_4,MID(TEXT(A49,n0),1,1)+1)&INDEX(n0x,MID(TEXT(A49,n0),2,1)+1,MID(TEXT(A49,n0),3,1)+1)&IF(-MID(TEXT(A49,n0),1,3),\"миллиард\"&VLOOKUP(MID(TEXT(A49,n0),3,1)*AND(MID(TEXT(A49,n0),2,1)-1),мил,2),\"\")&INDEX(n_4,MID(TEXT(A49,n0),4,1)+1)&INDEX(n0x,MID(TEXT(A49,n0),5,1)+1,MID(TEXT(A49,n0),6,1)+1)&IF(-MID(TEXT(A49,n0),4,3),\"миллион\"&VLOOKUP(MID(TEXT(A49,n0),6,1)*AND(MID(TEXT(A49,n0),5,1)-1),мил,2),\"\")&INDEX(n_4,MID(TEXT(A49,n0),7,1)+1)&INDEX(n1x,MID(TEXT(A49,n0),8,1)+1,MID(TEXT(A49,n0),9,1)+1)&IF(-MID(TEXT(A49,n0),7,3),VLOOKUP(MID(TEXT(A49,n0),9,1)*AND(MID(TEXT(A49,n0),8,1)-1),тыс,2),\"\")&INDEX(n_4,MID(TEXT(A49,n0),10,1)+1)&INDEX(n0x,MID(TEXT(A49,n0),11,1)+1,MID(TEXT(A49,n0),12,1)+1)),\"z\",\" \")&IF(TRUNC(TEXT(A49,n0)),\"\",\"Ноль \")&\"рубл\"&VLOOKUP(MOD(MAX(MOD(MID(TEXT(A49,n0),11,2)-11,100),9),10),{0,\"ь \";1,\"я \";4,\"ей \"},2)&RIGHT(TEXT(A49,n0),2)&\" копе\"&VLOOKUP(MOD(MAX(MOD(RIGHT(TEXT(A49,n0),2)-11,100),9),10),{0,\"йка\";1,\"йки\";4,\"ек\"},2)","v":"Двадцать одна тысяча семьдесят шесть рублей 91 копейка"}]

{"sheet":"Лист2","index":4,"n_rows":25,"n_cols":7,"rows_kept":25,"cut":false,"hidden":false,"merged":[]}
[{"$f":"'Копировать сюда'!H2","v":"ООО  \"АИС АВТОДОМ ДОНЕЦК\""},{"$f":"IFERROR(INDEX(G$1:G$5,MATCH(\"*\"&XFD20&\"*\"&SUBSTITUTE(TRIM(SUBSTITUTE(SUBSTITUTE(A1,\",\",\" \"),\".\",\" \")),\" \",\"*\")&\"*\",F$1:F$4,)),\"\")","v":"ООО  \"АИС АВТОДОМ ДОНЕЦК\"                                                                                                                                                                                                                                                                                                   Адрес: ДНР 83059, г. Донецк, Калининский район, ул.Разенкова, д.14а/2                         Свидетельство: АА02 №43194                                                                                                                                                        ИНН: 35457304"},null,null,null,"ООО \"ДОНЕЦК-АВТО ЛТД\"","ООО \"ДОНЕЦК-АВТО ЛТД\""]
[null,null,null,null,null,"ФЛП КРАСНОВ ВЛАДИМИР АНАТОЛЬЕВИЧ","ФЛП КРАСНОВ ВЛАДИМИР АНАТОЛЬЕВИЧ"]
[null,null,null,null,null,"ООО  \"АИС АВТОДОМ ДОНЕЦК\"","ООО  \"АИС АВТОДОМ ДОНЕЦК\"                                                                                                                                                                                                                                                                                                   Адрес: ДНР 83059, г. Донецк, Калининский район, ул.Разенкова, д.14а/2                         Свидетельство: АА02 №43194                                                                                                                                                        ИНН: 35457304"]
[null,null,null,null,null,"ООО ТОРГОВЫЙ ДОМ \"СТРОЙДЕТАЛЬ\"","ООО ТОРГОВЫЙ ДОМ \"СТРОЙДЕТАЛЬ\""]
[]
[null,{"$f":"IFERROR(INDEX(G$6:G$9,MATCH(\"*\"&XFD20&\"*\"&SUBSTITUTE(TRIM(SUBSTITUTE(SUBSTITUTE(A1,\",\",\" \"),\".\",\" \")),\" \",\"*\")&\"*\",F$6:F$9,)),\"\")","v":"Адрес: ДНР 83059, г. Донецк, Калининский район, ул.Разенкова, д.14а/2"},null,null,null,"ООО \"ДОНЕЦК-АВТО ЛТД\"","Адрес: ДНР, 83059, г. Донецк, Калининский район, пр. Ильича, д. 95 А"]
[null,null,null,null,null,"ФЛП КРАСНОВ ВЛАДИМИР АНАТОЛЬЕВИЧ","Адрес: ДНР 86112, г. Макеевка, Кировский район, ул. Физкультурная, д. 31, кв. 6"]
[null,null,null,null,null,"ООО  \"АИС АВТОДОМ ДОНЕЦК\"","Адрес: ДНР 83059, г. Донецк, Калининский район, ул.Разенкова, д.14а/2"]
[null,null,null,null,null,"ООО ТОРГОВЫЙ ДОМ \"СТРОЙДЕТАЛЬ\"","Адрес: ДНР 83059, г. Донецк, Калининский район, пр. Красногвардейский, д. 6"]
[]
[null,{"$f":"IFERROR(INDEX(G$11:G$14,MATCH(\"*\"&XFD20&\"*\"&SUBSTITUTE(TRIM(SUBSTITUTE(SUBSTITUTE(A1,\",\",\" \"),\".\",\" \")),\" \",\"*\")&\"*\",F$11:F$14,)),\"\")","v":"Свидетельство: АА02 №43194"},null,null,null,"ООО \"ДОНЕЦК-АВТО ЛТД\"","Свидетельство: АА01 №25298"]
[null,null,null,null,null,"ФЛП КРАСНОВ ВЛАДИМИР АНАТОЛЬЕВИЧ","Свидетельство: АА01 №10063"]
[null,null,null,null,null,"ООО  \"АИС АВТОДОМ ДОНЕЦК\"","Свидетельство: АА02 №43194"]
[null,null,null,null,null,"ООО ТОРГОВЫЙ ДОМ \"СТРОЙДЕТАЛЬ\"","Свидетельство: АА01 №25299"]
[]
[null,{"$f":"IFERROR(INDEX(G$16:G$19,MATCH(\"*\"&XFD20&\"*\"&SUBSTITUTE(TRIM(SUBSTITUTE(SUBSTITUTE(A1,\",\",\" \"),\".\",\" \")),\" \",\"*\")&\"*\",F$16:F$19,)),\"\")","v":"ИНН: 35457304"},null,null,null,"ООО \"ДОНЕЦК-АВТО ЛТД\"","ИНН: 50002434"]
[null,null,null,null,null,"ФЛП КРАСНОВ ВЛАДИМИР АНАТОЛЬЕВИЧ","ИНН: 2246714215"]
[null,null,null,null,null,"ООО  \"АИС АВТОДОМ ДОНЕЦК\"","ИНН: 35457304"]
[null,null,null,null,null,"ООО ТОРГОВЫЙ ДОМ \"СТРОЙДЕТАЛЬ\"","ИНН: 50002007"]
[]
[]
[]
[]
[]
[{"$f":"'Копировать сюда'!H5","v":"2017-06-15"},{"$f":"IF(DAY(A25)<10,\"0\",\"\")&DAY(A25)&IF(MONTH(A25)=1,\" Января\",IF(MONTH(A25)=2,\" Февраля\",IF(MONTH(A25)=3,\" Марта\",IF(MONTH(A25)=4,\" Апреля\",IF(MONTH(A25)=5,\" Мая\",IF(MONTH(A25)=6,\" Июня\",\"\"))))))&IF(MONTH(A25)=7,\" Июля\",IF(MONTH(A25)=8,\" Августа\",IF(MONTH(A25)=9,\" Сентября\",IF(MONTH(A25)=10,\" Октября\",IF(MONTH(A25)=11,\" Ноября\",IF(MONTH(A25)=12,\" Декабря\",\"\"))))))&\" \"&YEAR(A25)&\" г.\"","v":"15 Июня 2017 г."}]

{"sheet":"список","index":5,"n_rows":14,"n_cols":1,"rows_kept":14,"cut":false,"hidden":false,"merged":[]}
["GENUINE"]
["CTR"]
["KAP"]
["Запорожье"]
["GM"]
["TRIALLI"]
["Авто ЛТД"]
["REACTOR"]
["Луганск"]
["АМЗ"]
["Болгария"]
["Калуга"]
["Лузар"]
["ССД"]